{"text_format":"3","workbook":"xlsx","n_sheets":2,"sheets":["Gráfico1","FEBRERO 2026"],"not_rendered":{"charts":2,"images":1,"defined_names":1},"unopened":[{"sheet":"Gráfico1","index":0,"reason":"not_a_worksheet"}],"read":"whole","date_system":"1900"}

{"sheet":"FEBRERO 2026","index":1,"n_rows":522,"n_cols":9,"rows_kept":522,"merged":[[0,0,4,8],[5,0,5,8],[6,0,6,8],[7,0,7,8],[9,0,10,0],[9,1,10,1],[9,2,10,2],[9,3,10,3],[9,5,10,5],[9,6,10,6],[9,7,10,7],[9,8,10,8],[120,0,120,8],[140,0,140,8],[143,0,143,8],[277,0,277,8],[312,0,312,8],[363,0,363,8],[367,0,367,8],[415,0,415,8],[510,0,510,8],[516,0,516,7],[518,0,518,3],[518,7,518,8],[520,0,520,3],[520,6,520,8],[521,0,521,3],[521,6,521,8],[522,0,522,3],[522,6,522,8]]}
[]
[]
[]
[]
[]
["Instituto Dominicano para la Calidad "]
["Sección de Almacén y Suministro "]
["   Inventario Mes Febrero 2026        \n\"        \n"]
[]
["Periodo de Adquisición",null,"Código de Bienes Nacionales"," Código Institucional","Descripcion","UM ","Cantidad en Existencia","Costo Und","Costo Total Inventario"]
[{"$nulls":4},"Material Gastable"]
["N/A","N/A","N/A","G001","Armazón 8 1/2 X 11","UN",{"$f":"#REF!-#REF!","v":{"$error":"#REF!"}},{"v":406,"d":"RD$406.00"},{"$f":"G:G*H:H","v":{"$error":"#REF!"}}]
["N/A","N/A","N/A","G002","Armazón 8 1/2 X 14","UN",{"$f":"#REF!-#REF!","v":{"$error":"#REF!"}},{"v":450,"d":"RD$450.00"},{"$f":"G:G*H:H","v":{"$error":"#REF!"}}]
["Oct-Dic 2025","2025-12-17","N/A","G004","Carpeta 1\" blanca","UND",{"v":12,"d":"12.00"},{"v":143,"d":"RD$143.00"},{"$f":"G14*H14","v":{"v":1716,"d":"RD$1,716.00"}}]
["Oct-Dic 2025","2025-12-17","N/A","G005","Carpeta 1\" azul","UND",{"v":11,"d":"11.00"},{"v":143,"d":"RD$143.00"},{"$f":"G15*H15","v":{"v":1573,"d":"RD$1,573.00"}}]
["Oct-Dic 2025","2025-12-17","N/A","G006","Carpeta 2\" blanca","UND",{"v":2,"d":"2.00"},{"v":175,"d":"RD$175.00"},{"v":350,"d":"RD$350.00"}]
["Oct-Dic 2025","2025-12-17","N/A","G007","Carpeta 2\" azul","UND",{"v":18,"d":"18.00"},{"v":175,"d":"RD$175.00"},{"v":3150,"d":"RD$3,150.00"}]
["Oct-Dic 2025","2025-12-17","N/A","G008","Carpeta 3\" blanca","UND",{"v":8,"d":"8.00"},{"v":232,"d":"RD$232.00"},{"v":1856,"d":"RD$1,856.00"}]
["Oct-Dic 2025","2025-12-17","N/A","G009","Carpeta 3\" azul","UND",{"v":18,"d":"18.00"},{"v":232,"d":"RD$232.00"},{"v":4176,"d":"RD$4,176.00"}]
["Abril-Jun 2024","2024-04-02","N/A","G010","Cera para contar","UND",{"v":21,"d":"21.00"},{"v":55,"d":"RD$55.00"},{"v":1155,"d":"RD$1,155.00"}]
["Oct-Dic 2025","2025-12-17","N/A","G011","Cinta adhesiva 2\"","UND",{"v":8,"d":"8.00"},{"v":49,"d":"RD$49.00"},{"v":392,"d":"RD$392.00"}]
["Oct-Dic 2025","2025-12-17","N/A","G012","Cinta adhesiva 3/4","UND",{"v":11,"d":"11.00"},{"v":36,"d":"RD$36.00"},{"v":396,"d":"RD$396.00"}]
["Oct-Dic 2025","2025-12-17","N/A","G013","Clips Billeteros 41mm","CAJ",{"v":47,"d":"47.00"},{"v":175,"d":"RD$175.00"},{"v":8225,"d":"RD$8,225.00"}]
["Oct-Dic 2025","2025-12-17","N/A","G014","Clips Billeteros medianos 32mm","CAJ",{"v":35,"d":"35.00"},{"v":59,"d":"RD$59.00"},{"v":2065,"d":"RD$2,065.00"}]
["Oct-Dic 2025","2025-12-17","N/A","G015","Clips Billeteros pequeños","CAJ",{"v":64,"d":"64.00"},{"v":30,"d":"RD$30.00"},{"v":1920,"d":"RD$1,920.00"}]
["Oct-Dic 2025","2025-12-17","N/A","G014","Clips Billeteros 25mm","CAJ",{"v":81,"d":"81.00"},{"v":59,"d":"RD$59.00"},{"v":4779,"d":"RD$4,779.00"}]
["Oct-Dic 2025","2025-12-17","N/A","G016","Clips grandes","PAQ",{"v":28,"d":"28.00"},{"v":36,"d":"RD$36.00"},{"v":1008,"d":"RD$1,008.00"}]
["Oct-Dic 2023","22/12/2023","N/A","G017","Clips pequeños Colores","PAQ",{"v":26,"d":"26.00"},{"v":24,"d":"RD$24.00"},{"v":624,"d":"RD$624.00"}]
["Oct-Dic 2024","2024-12-19","N/A","N/A","Clips pequeño","PAQ",{"v":33,"d":"33.00"},{"v":15,"d":"RD$15.00"},{"v":495,"d":"RD$495.00"}]
["Oct-Dic 2024","2024-12-19","N/A","G018","Corrector liquido","UND",{"v":1,"d":"1.00"},{"v":82,"d":"RD$82.00"},{"v":82,"d":"RD$82.00"}]
["Oct-Dic 2024","2024-12-19","N/A","N/A","Corrector liquido broccha","UND",{"v":0,"d":"0.00"},{"v":19.16,"d":"RD$19.16"},{"v":0,"d":"RD$0.00"}]
["Oct-Dic 2025","2025-12-17","N/A","G019","Dispensador de cinta adhesiva","UND",{"v":15,"d":"15.00"},{"v":116,"d":"RD$116.00"},{"v":1740,"d":"RD$1,740.00"}]
["Oct-Dic 2023","22/12/2023","N/A","G020","Extensión eléctrica","UND",{"v":0,"d":"0.00"},{"v":522,"d":"RD$522.00"},{"v":0,"d":"RD$0.00"}]
["Oct-Dic 2025","2025-12-17","N/A","G021","Folder 8 1/2 X 11","UND",{"v":1136,"d":"1,136.00"},{"v":2.09,"d":"RD$2.09"},{"v":2374.24,"d":"RD$2,374.24"}]
["Oct-Dic 2024","2024-12-19","N/A","G022","Folder 8 1/2 X 14","UND",{"v":400,"d":"400.00"},{"v":5.63,"d":"RD$5.63"},{"v":2252,"d":"RD$2,252.00"}]
["Oct-Dic 2024","2024-12-19","N/A","G024","Folder Financiero","UND",{"v":0,"d":"0.00"},{"v":28.95,"d":"RD$28.95"},{"v":0,"d":"RD$0.00"}]
["Ene-Mar 2026","2026-01-08","N/A","G023","Folder con bolsillos Timbrado","UND",{"v":268,"d":"268.00"},{"v":50.85,"d":"RD$50.85"},{"v":13627.800000000001,"d":"RD$13,627.80"}]
["Oct-Dic 2024","2024-12-19","N/A","N/A","Folder con bolsillos satinados","UND",{"v":0,"d":"0.00"},{"v":29.66,"d":"RD$29.66"},{"v":0,"d":"RD$0.00"}]
["Oct-Dic 2024","2024-12-19","N/A","G024","Folder Financiero","UND",{"v":300,"d":"300.00"},{"v":60.05,"d":"RD$60.05"},{"v":18015,"d":"RD$18,015.00"}]
["Abril-Jun 2025","2025-04-03","N/A","G025","Folder pendaflex 8 1/2 X 11","UND",{"v":322,"d":"322.00"},{"v":6.76,"d":"RD$6.76"},{"v":2176.72,"d":"RD$2,176.72"}]
["Oct-Dic 2024","2024-12-19","N/A","G026","Folder pendaflex 8 1/2 X 14","UND",{"v":200,"d":"200.00"},{"v":5.55,"d":"RD$5.55"},{"v":1110,"d":"RD$1,110.00"}]
["Oct-Dic 2020","28/12/2020","N/A","G027","Folder Rojo","UND",{"v":0,"d":"0.00"},{"v":4,"d":"RD$4.00"},{"v":0,"d":"RD$0.00"}]
["Julio-sept 2019","2019-08-07","N/A","N/A","Folder Azul ","UN",{"v":0,"d":"0.00"},{"v":4,"d":"RD$4.00"},{"v":0,"d":"RD$0.00"}]
["abril-junio 2021","2021-06-23","N/A","N/A","Folder Amarillos ","UN",null,{"v":4,"d":"RD$4.00"},{"v":0,"d":"RD$0.00"}]
["N/A","N/A","N/A","G028","Folder Timbrado","UN",{"v":0,"d":"0.00"},{"v":40.6,"d":"RD$40.60"},{"v":0,"d":"RD$0.00"}]
["Oct-Dic 2024","2024-12-19","N/A","G029","Gancho para folders","CAJ",{"v":8,"d":"8.00"},{"v":42.37,"d":"RD$42.37"},{"v":338.96,"d":"RD$338.96"}]
["Oct-Dic 2025","2025-12-17","N/A","G030","Goma para borrar","UND",{"v":25,"d":"25.00"},{"v":13,"d":"RD$13.00"},{"v":325,"d":"RD$325.00"}]
["Oct-Dic 2024","2024-12-19","N/A","G031","Gomitas","CAJ",{"v":26,"d":"26.00"},{"v":42,"d":"RD$42.00"},{"v":1092,"d":"RD$1,092.00"}]
["N/A","N/A","N/A","G032","Grapa bostitch 1/2\"","CAJ",{"v":0,"d":"0.00"},{"v":35,"d":"RD$35.00"},{"v":0,"d":"RD$0.00"}]
["Oct-Dic 2025","2025-12-17","N/A","N/A","Grapa de gran Volumen","CAJ",{"v":5,"d":"5.00"},{"v":128,"d":"RD$128.00"},{"v":640,"d":"RD$640.00"}]
["Oct-Dic 2025","2025-12-17","N/A","G033","Grapa estándar","CAJ",{"v":5,"d":"5.00"},{"v":27.11,"d":"RD$27.11"},{"v":135.55,"d":"RD$135.55"}]
["Oct-Dic 2025","2025-12-17","N/A","G034","Grapa para contabilidad","CAJ",{"v":0,"d":"0.00"},{"v":45,"d":"RD$45.00"},{"v":0,"d":"RD$0.00"}]
["Oct-Dic 2025","2025-12-17","N/A","G035","Grapadora","UND",{"v":14,"d":"14.00"},{"v":265,"d":"RD$265.00"},{"v":3710,"d":"RD$3,710.00"}]
["abril-junio 2014","2014-05-01","N/A","G036","Guillotina","UN",null,{"v":850,"d":"RD$850.00"},{"v":0,"d":"RD$0.00"}]
["Oct-Dic 2025","2025-12-17","N/A","G037","Labels para folders","CAJ",{"v":25,"d":"25.00"},{"v":57,"d":"RD$57.00"},{"v":1425,"d":"RD$1,425.00"}]
["Oct-Dic 2025","2025-12-17","N/A","G038","Lapicero azul","UND",{"v":1764,"d":"1,764.00"},{"v":6.4,"d":"RD$6.40"},{"v":11289.6,"d":"RD$11,289.60"}]
["Oct-Dic 2025","2025-12-17","N/A","G039","Lapicero negro","UND",{"v":96,"d":"96.00"},{"v":6.4,"d":"RD$6.40"},{"v":614.4000000000001,"d":"RD$614.40"}]
["Abril-Junio 2022","2022-06-06","N/A","G040","Lapicero rojo","UND",{"v":0,"d":"0.00"},{"v":5,"d":"RD$5.00"},{"v":0,"d":"RD$0.00"}]
["Abril-Jun 2024","2024-04-02","N/A","G041","Lápiz de carbón","UND",{"v":432,"d":"432.00"},{"v":6,"d":"RD$6.00"},{"v":2592,"d":"RD$2,592.00"}]
["abril-junio 2021","2021-06-23","N/A","G042","Libreta de mensajes telefónicos","UND",{"v":0,"d":"0.00"},{"v":120,"d":"RD$120.00"},{"v":0,"d":"RD$0.00"}]
["Oct-Dic 2025","2025-12-17","N/A","G043","Libreta rayada 5 X 8","UND",{"v":123,"d":"123.00"},{"v":23,"d":"RD$23.00"},{"v":2829,"d":"RD$2,829.00"}]
["Oct-Dic 2025","2025-12-17","N/A","G044","Libreta rayada 8 X 11","UND",{"v":137,"d":"137.00"},{"v":42,"d":"RD$42.00"},{"v":5754,"d":"RD$5,754.00"}]
["Oct-Dic 2024","2024-12-19","N/A","G045","Libro record 500 pag","UND",{"v":10,"d":"10.00"},{"v":385,"d":"RD$385.00"},{"v":3850,"d":"RD$3,850.00"}]
["Oct-Dic 2024","2024-12-19","N/A","N/A","Libro record 300 pag","UND",{"v":22,"d":"22.00"},{"v":305,"d":"RD$305.00"},{"v":6710,"d":"RD$6,710.00"}]
["Oct-Dic 2025","2025-12-17","N/A","G046","Marcador","UND",{"v":582,"d":"582.00"},{"v":17,"d":"RD$17.00"},{"v":9894,"d":"RD$9,894.00"}]
["Oct-Dic 2025","2025-12-17","N/A","G047","Notas adhesivas 3X3","UND",{"v":32,"d":"32.00"},{"v":27,"d":"RD$27.00"},{"v":864,"d":"RD$864.00"}]
["Oct-Dic 2023","2023-12-19","N/A","G048","Notas adhesivas 3X5","UND",{"v":361,"d":"361.00"},{"v":63.9,"d":"RD$63.90"},{"v":23067.899999999998,"d":"RD$23,067.90"}]
["Oct-Dic 2024","2024-12-19","N/A","G049","Notas de firma","UND",{"v":56,"d":"56.00"},{"v":85,"d":"RD$85.00"},{"v":4760,"d":"RD$4,760.00"}]
["Oct-Dic 2024","2024-12-19","N/A","G050","Pegamento en barra","UND",{"v":25,"d":"25.00"},{"v":153,"d":"RD$153.00"},{"v":3825,"d":"RD$3,825.00"}]
["Abril-Jun 2024","2024-04-10","N/A","G051","Perforadora de 1 hoyo","UND",{"v":0,"d":"0.00"},{"v":85,"d":"RD$85.00"},{"v":0,"d":"RD$0.00"}]
["Oct-Dic 2025","2025-12-17","N/A","G052","Perforadora de 2 hoyos ","UND",{"v":10,"d":"10.00"},{"v":291,"d":"RD$291.00"},{"v":2910,"d":"RD$2,910.00"}]
["Oct-Dic 2024","2024-12-19","N/A","G053","Perforadora de 3 hoyos","UND",{"v":0,"d":"0.00"},{"v":650,"d":"RD$650.00"},{"v":0,"d":"RD$0.00"}]
["Oct-Dic 2024","2024-12-19","N/A","G054","Pin (chinchetas)","UND",null,{"v":45,"d":"RD$45.00"},{"v":0,"d":"RD$0.00"}]
["Abril-Jun 2025","2025-04-03","N/A","G055","Porta Lápiz","UND",{"v":9,"d":"9.00"},{"v":125,"d":"RD$125.00"},{"v":1125,"d":"RD$1,125.00"}]
["Oct-Dic 2024","2024-12-19","N/A","G056","Porta tarjeta","UND",{"v":0,"d":"0.00"},{"v":255,"d":"RD$255.00"},{"v":0,"d":"RD$0.00"}]
["Oct-Dic 2025","2025-12-17","N/A","G058","Regla plástica","UND",{"v":23,"d":"23.00"},{"v":13,"d":"RD$13.00"},{"v":299,"d":"RD$299.00"}]
["Oct-Dic 2024","2024-12-19","N/A","G059","Regleta eléctrica","UND",{"v":0,"d":"0.00"},{"v":600,"d":"RD$600.00"},{"v":0,"d":"RD$0.00"}]
["Oct-Dic 2025","2025-12-17","N/A","G060","Resaltador ","UND",{"v":107,"d":"107.00"},{"v":17,"d":"RD$17.00"},{"v":1819,"d":"RD$1,819.00"}]
["Oct-Dic 2025","2025-12-17","N/A","G061","Saca grapa","UND",{"v":23,"d":"23.00"},{"v":28,"d":"RD$28.00"},{"v":644,"d":"RD$644.00"}]
["Oct-Dic 2025","2025-12-17","N/A","G062","Separadores Carpetas 5/1","PAQ",{"v":32,"d":"32.00"},{"v":45,"d":"RD$45.00"},{"v":1440,"d":"RD$1,440.00"}]
["Jul-Sept 2023","2023-07-05","N/A","G063","Separadores para carpeta","UND",{"v":0,"d":"0.00"},{"v":80,"d":"RD$80.00"},{"v":0,"d":"RD$0.00"}]
["julio-sept. 2018","2018-08-06","N/A","G064","Separadores para carpeta Universal","UND",null,{"v":22.99,"d":"RD$22.99"},{"v":0,"d":"RD$0.00"}]
["Oct-Dic 2025","2025-12-17","N/A","G065","Sobre manila 9X12","UND",{"v":563,"d":"563.00"},{"v":4,"d":"RD$4.00"},{"$f":"G83*H83","v":{"v":2252,"d":"RD$2,252.00"}}]
["Oct-Dic 2024","2024-12-19","N/A","N/A","Sobre Manila 10x15","UND",null,null,{"v":0,"d":"RD$0.00"}]
["Oct-Dic 2025","2025-12-17","N/A","G066","Sobre manila 9X15","UND",{"v":834,"d":"834.00"},{"v":5,"d":"RD$5.00"},{"v":4170,"d":"RD$4,170.00"}]
["Oct-Dic 2024","2024-12-19","N/A","G067","Sobre manila timbrado 9X12","UND",{"v":19,"d":"19.00"},{"v":11.21,"d":"RD$11.21"},{"v":212.99,"d":"RD$212.99"}]
["Oct-Dic 2024","2024-12-19","N/A","G068","Sobre manila timbrado 9X15","UND",{"v":0,"d":"0.00"},{"v":14.45,"d":"RD$14.45"},{"v":0,"d":"RD$0.00"}]
["Oct-Dic 2024","2024-12-19","N/A","G068","Sobre manila timbrado 9x15","UND",{"v":1108,"d":"1,108.00"},{"v":15,"d":"RD$15.00"},{"v":16620,"d":"RD$16,620.00"}]
["Oct-Dic 2024","2024-12-19","N/A","G069","Sobre para carta timbrado","UND",{"v":573,"d":"573.00"},{"v":4,"d":"RD$4.00"},{"v":2292,"d":"RD$2,292.00"}]
["Oct-Dic 2024","2024-12-19","N/A","G070","Sobre para cartas blanco","UND",{"v":2500,"d":"2,500.00"},{"v":2.57,"d":"RD$2.57"},{"v":6425,"d":"RD$6,425.00"}]
["Abril-Jun 2025","2025-04-03","N/A","G071","Tablilla con gancho para apoyar","UND",{"v":24,"d":"24.00"},{"v":245,"d":"RD$245.00"},{"v":5880,"d":"RD$5,880.00"}]
["Oct-Dic 2025","2025-12-17","N/A","G072","Tijera","UND",{"v":8,"d":"8.00"},{"v":40,"d":"RD$40.00"},{"v":320,"d":"RD$320.00"}]
["Oct-Dic 2025","2025-12-17","N/A","G073","Gotero Tinta Azul","UND",{"v":10,"d":"10.00"},{"v":45,"d":"RD$45.00"},{"v":450,"d":"RD$450.00"}]
["Abril-Jun 2016","2016-06-08","N/A","G074","Tinta almohadilla negra","UND",{"v":3,"d":"3.00"},{"v":110,"d":"RD$110.00"},{"v":330,"d":"RD$330.00"}]
["Abril-Jun 2016","2016-06-08","N/A","G075","Tinta almohadilla roja","UND",{"v":1,"d":"1.00"},{"v":110,"d":"RD$110.00"},{"v":110,"d":"RD$110.00"}]
["Abril-Jun 2024","2024-04-02","N/A","G076","Folder c/bolsillo Azul Satinado 25/1","UND",null,{"v":66.84,"d":"RD$66.84"},{"v":0,"d":"RD$0.00"}]
["abril-jun 2016","1905-07-08","N/A","G078","Folder c/bolsillo Amarillo","UND",null,{"v":20,"d":"RD$20.00"},{"v":0,"d":"RD$0.00"}]
["Abril-Jun 2016","2016-06-08","N/A","G079","Folder c/bolsillo Rojo","UND",{"v":0,"d":"0.00"},{"v":20,"d":"RD$20.00"},{"v":0,"d":"RD$0.00"}]
["Jul-Sept 2023","28/9/2023","N/A","G080","Clip para Carnet","UND",{"v":245,"d":"245.00"},{"v":15.91,"d":"RD$15.91"},{"v":3897.95,"d":"RD$3,897.95"}]
["Abril-Jun 2024","2024-04-10","N/A","N/A","Lámina autoadhesiva para Carnet","PAQ",{"v":6,"d":"6.00"},{"v":258.6,"d":"RD$258.60"},{"v":1551.6000000000001,"d":"RD$1,551.60"}]
["Abril-Jun 2024","2024-04-10","N/A","N/A","Cordón para Carnet Azul 50/1","UND",{"v":11,"d":"11.00"},{"v":12.85,"d":"RD$12.85"},{"v":141.35,"d":"RD$141.35"}]
["Abril-Junio 2022","2022-06-06","N/A","G081","Lamina para Carnet 600/1","PAQ",{"v":5,"d":"5.00"},{"v":2288,"d":"RD$2,288.00"},{"v":11440,"d":"RD$11,440.00"}]
["Abril-Jun 2024","2024-04-10","N/A","N/A","Porta Carnet Plástico Vertical 5.5x 8.5 cm 50/1","UND",{"v":58,"d":"58.00"},{"v":11,"d":"RD$11.00"},{"v":638,"d":"RD$638.00"}]
["Oct-Dic 2025","2025-12-17","N/A","G082","Plastico PVC para Carnet","PAQ",{"v":7,"d":"7.00"},{"v":1028,"d":"RD$1,028.00"},{"v":7196,"d":"RD$7,196.00"}]
["Oct-Dic 2023","22/12/2023","N/A","N/A","Espirales para encuadernar 3/8","UND",{"v":700,"d":"700.00"},{"v":7.51,"d":"RD$7.51"},{"v":5257,"d":"RD$5,257.00"}]
["Oct-Dic 2023","22/12/2023","N/A","G083","Espirales para encuadernar 1/2","UND",{"v":0,"d":"0.00"},{"v":7.83,"d":"RD$7.83"},{"v":0,"d":"RD$0.00"}]
["Oct-Dic 2017","2017-10-20","N/A","G084","Libro de contabilidad de 6 columna","UND",{"v":0,"d":"0.00"},{"v":92.11,"d":"RD$92.11"},{"v":0,"d":"RD$0.00"}]
["Oct-Dic 2023","22/12/2023","N/A","N/A","Espirales para encuadernar 3/4","UND",{"v":300,"d":"300.00"},{"v":7.1,"d":"RD$7.10"},{"v":2130,"d":"RD$2,130.00"}]
["Ene-Marzo 2023","14/3/2023","N/A","N/A","Espirales para encuadernar 1","UND",{"v":0,"d":"0.00"},{"v":9.66,"d":"RD$9.66"},{"v":0,"d":"RD$0.00"}]
["Abril-Jun 2025","2025-04-03","N/A","N/A","Bandeja de 3 niveles ","UND",{"v":7,"d":"7.00"},{"v":685,"d":"RD$685.00"},{"v":4795,"d":"RD$4,795.00"}]
["Oct-Dic 2025","2025-12-17","N/A","G085","Protectores de Hojas","PAQ",{"v":22,"d":"22.00"},{"v":176,"d":"RD$176.00"},{"v":3872,"d":"RD$3,872.00"}]
["abril-junio 2021","2021-06-23","N/A","G086","Borrador de Pizarra","UN",{"v":0,"d":"0.00"},{"v":75,"d":"RD$75.00"},{"v":0,"d":"RD$0.00"}]
["abril-junio 2021","2021-06-23","N/A","G086","Borrador de Pizarra","UN",{"v":0,"d":"0.00"},{"v":150,"d":"RD$150.00"},{"v":0,"d":"RD$0.00"}]
["Oct-Dic 2025","2025-12-17","N/A","G087","Marcadores para Pizarra","UND",{"v":58,"d":"58.00"},{"v":26,"d":"RD$26.00"},{"v":1508,"d":"RD$1,508.00"}]
["Ene-Mar 2024","25/03/2024","N/A","G088","Labels para CD ","PAQ",{"v":16,"d":"16.00"},{"v":520.62,"d":"RD$520.62"},{"v":8329.92,"d":"RD$8,329.92"}]
["Oct-Dic 2025","2025-12-17","N/A","G089","Folder Partion 8 1/2 x 11 6 divisiones ","CAJ",{"v":20,"d":"20.00"},{"v":4273,"d":"RD$4,273.00"},{"v":85460,"d":"RD$85,460.00"}]
["abril-junio 2021","23/6/2021","N/A","G090","Sobre para CD","UND",{"v":83,"d":"83.00"},{"v":1,"d":"RD$1.00"},{"v":83,"d":"RD$83.00"}]
["abril-jun 2016","1905-07-08","N/A","G091","Libro de contabilidad 10 columna","UN",null,{"v":240,"d":"RD$240.00"},{"v":0,"d":"RD$0.00"}]
["Oct-Dic 2025","2025-12-17","N/A","N/A","Saca Puntas ","UND",{"v":2,"d":"2.00"},{"v":13,"d":"RD$13.00"},{"v":26,"d":"RD$26.00"}]
["N/A","N/A","N/A","Guantes Pesas","Guantes de Pesas GYBK EWGIM112","UN",0,125,{"$f":"G:G*H:H","v":0}]
["Papel de Escritorio"]
["Oct-Dic 2020","30/12/2020","N/A","P001","Papel A4","RES",{"v":7,"d":"7.00"},{"v":216.1,"d":"RD$216.10"},{"$f":"+G122*H122","v":{"v":1512.7,"d":"RD$1,512.70"}}]
["Julio-sept 2021","2021-08-05","N/A","N/A","Papel bond 8 1/2 X 11 Timbrada Metrologia ","RES",{"v":4,"d":"4.00"},{"v":797.5,"d":"RD$797.50"},{"$f":"+G123*H123","v":{"v":3190,"d":"RD$3,190.00"}}]
["Oct-Dic 2025","2025-12-23","N/A","P002","Papel bond 8 1/2 X 11","RES",{"v":524,"d":"524.00"},{"v":218.06,"d":"RD$218.06"},{"v":114263.44,"d":"RD$114,263.44"}]
["Ene-Mar 2026","2026-01-08","N/A","P003","Papel bond 8 1/2 X 11 Timbrada","RES",{"v":17,"d":"17.00"},{"v":661.01,"d":"RD$661.01"},{"v":11237.17,"d":"RD$11,237.17"}]
["Ene-Mar 2023","2023-01-31","N/A","P004","Papel bond 8 1/2 X 14","RES",null,{"v":385,"d":"RD$385.00"},{"v":0,"d":"RD$0.00"}]
["ene-mar 2021","2021-03-31","N/A","P005","Papel carbón","PAQ",null,{"v":119.99,"d":"RD$119.99"},{"v":0,"d":"RD$0.00"}]
["Ene-Mar 2024","25/03/2024","N/A","P004","Papel bond 8 1/2 X 14","RES",{"v":10,"d":"10.00"},{"v":464.5,"d":"RD$464.50"},{"v":4645,"d":"RD$4,645.00"}]
["Abril-Jun 2022","30/5/2022","N/A","N/A","Papel Cartulina 12 1 cara 8 1/2 x 11 500/1","RES",{"v":0,"d":"0.00"},{"v":1087.12,"d":"RD$1,087.12"},{"v":0,"d":"RD$0.00"}]
["ene-mar 2015","2015-03-01","N/A","P006","Papel cartonite","PAQ",null,{"v":850,"d":"RD$850.00"},{"v":0,"d":"RD$0.00"}]
["abril-jun 2016","1905-07-08","N/A","P007","Papel de forma continua 9 1/2 X 11","CAJ",null,{"v":642.27,"d":"RD$642.27"},{"v":0,"d":"RD$0.00"}]
["Oct-Dic 2022","2022-10-28","N/A","P008","Papel de forma continua 9 1/2 X 5 1/2","CAJ",null,{"v":498,"d":"RD$498.00"},{"v":0,"d":"RD$0.00"}]
["abril-jun 2019","4/15/219","N/A","P008","Papel de forma continua 9 1/2 X 5 1/2","CAJ",null,{"v":644.06,"d":"RD$644.06"},{"v":0,"d":"RD$0.00"}]
["Ene-Mar 2015","2015-03-01","N/A","P006","Papel cartonite","RES",{"v":2,"d":"2.00"},{"v":850,"d":"RD$850.00"},{"v":1700,"d":"RD$1,700.00"}]
["Ene-Mar 2024","25/03/2024","N/A","P008","Papel de forma continua 9 1/2 x 5 1/2","CAJ",{"v":0,"d":"0.00"},{"v":957,"d":"RD$957.00"},{"v":0,"d":"RD$0.00"}]
["Oct-Dic 2025","2025-12-17","N/A","P009","Papel en hilo blanco 8 1/2 X 11","RES",{"v":16,"d":"16.00"},{"v":581,"d":"RD$581.00"},{"v":9296,"d":"RD$9,296.00"}]
["abril-jun 2016","1905-07-08","N/A","P010","Papel en hilo crema 8 1/2 X 11","RES",null,{"v":400,"d":"RD$400.00"},{"v":0,"d":"RD$0.00"}]
["Oct-Dic 2025","2025-12-17","N/A","N/A","Rollo Térmico 3 1/8 ","UND",{"v":132,"d":"132.00"},{"v":38.79,"d":"RD$38.79"},{"v":5120.28,"d":"RD$5,120.28"}]
["Ene-Mar 2024","25/03/2024","N/A","P011","Rollo papel para sumadora","UND",{"v":286,"d":"286.00"},{"v":26,"d":"RD$26.00"},{"v":7436,"d":"RD$7,436.00"}]
["ene-mar 2018","2018-03-07","N/A","P012","Papel A4 210 X 197mm","PAQ",null,{"v":125,"d":"RD$125.00"},{"$f":"G:G*H:H","v":{"v":0,"d":"RD$0.00"}}]
[]
[35,2016,"N/A","T001","Cartucho canon bx-3 negro","UN",null,{"v":1250,"d":"RD$1,250.00"},{"$f":"G:G*H:H","v":{"v":0,"d":"RD$0.00"}}]
[{"$nulls":4},"Rollo papel para sumadora","UN",null,{"v":26,"d":"RD$26.00"},{"$f":"G143*H143","v":{"v":0,"d":"RD$0.00"}}]
["Cartuchos y Toners"]
["Ene-Mar 2025","2025-02-03","N/A","T002","Cartucho HP 122 C","UND",{"v":0,"d":"0.00"},{"v":875.87,"d":"RD$875.87"},{"$f":"+G145*H145","v":{"v":0,"d":"RD$0.00"}}]
["Ene-Mar 2025","2025-02-03","N/A","T003","Cartucho HP 122 N","UND",{"v":0,"d":"0.00"},{"v":722.05,"d":"RD$722.05"},{"$f":"+G146*H146","v":{"v":0,"d":"RD$0.00"}}]
["N/A","N/A","N/A","T004","Cartucho HP 15","UND",null,{"v":1300,"d":"RD$1,300.00"},{"v":0,"d":"RD$0.00"}]
["N/A","N/A","N/A","T005","Cartucho HP 17","UND",null,{"v":1550,"d":"RD$1,550.00"},{"v":0,"d":"RD$0.00"}]
["Oct-Dic 2022","2022-12-15","N/A","T003","Cartucho HP 122 N","UND",null,{"v":855.09,"d":"RD$855.09"},{"v":0,"d":"RD$0.00"}]
["Oct-Dic 2022","2022-12-15","N/A","T006","Cartucho HP 21","UND",{"v":0,"d":"0.00"},{"v":1475,"d":"RD$1,475.00"},{"v":0,"d":"RD$0.00"}]
["Oct-Dic 2022","2022-12-15","N/A","T007","Cartucho HP 22","UND",{"v":0,"d":"0.00"},{"v":2050,"d":"RD$2,050.00"},{"v":0,"d":"RD$0.00"}]
["N/A","N/A","N/A","T008","Cartucho HP 45","UND",{"v":0,"d":"0.00"},{"v":1310,"d":"RD$1,310.00"},{"v":0,"d":"RD$0.00"}]
["Oct-Dic 2022","2022-12-15","N/A","T009","Cartucho HP 60 color","UND",{"v":0,"d":"0.00"},{"v":1453.68,"d":"RD$1,453.68"},{"v":0,"d":"RD$0.00"}]
["Oct-Dic 2022","2022-12-15","N/A","T010","Cartucho HP 60 negro","UND",{"v":0,"d":"0.00"},{"v":1217.88,"d":"RD$1,217.88"},{"v":0,"d":"RD$0.00"}]
["Oct-Dic 2022","2022-12-15","N/A","T011","Cartucho HP 78","UND",null,{"v":1200,"d":"RD$1,200.00"},{"v":0,"d":"RD$0.00"}]
["ene-mar 2017","2017-02-23","N/A","T012","Cartucho HP 920 amarillo","UND",null,{"v":1950,"d":"RD$1,950.00"},{"v":0,"d":"RD$0.00"}]
["ene-mar 2017","2017-02-23","N/A","T013","Cartucho HP 920 cyan","UND",null,{"v":1950,"d":"RD$1,950.00"},{"v":0,"d":"RD$0.00"}]
["ene-mar 2017","2017-02-23","N/A","T014","Cartucho HP 920 magenta","UND",null,{"v":1950,"d":"RD$1,950.00"},{"v":0,"d":"RD$0.00"}]
["N/A","N/A","N/A","T015","Cartucho HP 920 negro","UND",{"v":0,"d":"0.00"},{"v":1750,"d":"RD$1,750.00"},{"v":0,"d":"RD$0.00"}]
["abril-jun 2018","2017-02-23","N/A","T016","Cartucho HP 96","UND",null,{"v":2100,"d":"RD$2,100.00"},{"v":0,"d":"RD$0.00"}]
[180,"2017-02-23","N/A","T017","Cartucho HP 97","UND",null,{"v":2300,"d":"RD$2,300.00"},{"v":0,"d":"RD$0.00"}]
["N/A","N/A","N/A","T018","Cartucho HP 98","UND",{"v":0,"d":"0.00"},{"v":1800,"d":"RD$1,800.00"},{"v":0,"d":"RD$0.00"}]
["N/A","N/A","N/A","T019","Cartucho LEXM 16","UND",{"v":0,"d":"0.00"},{"v":2100,"d":"RD$2,100.00"},{"v":0,"d":"RD$0.00"}]
["N/A","N/A","N/A","T020","Cartucho LEXM 17","UND",{"v":0,"d":"0.00"},{"v":2000,"d":"RD$2,000.00"},{"v":0,"d":"RD$0.00"}]
["N/A","N/A","N/A","T021","Cartucho LEXM 26","UND",{"v":0,"d":"0.00"},{"v":2300,"d":"RD$2,300.00"},{"v":0,"d":"RD$0.00"}]
["Oct-Dic 2025","2025-12-22","N/A","T011","Toner Hp 278A","UND",{"v":50,"d":"50.00"},{"v":4180.15,"d":"RD$4,180.15"},{"v":209007.49999999997,"d":"RD$209,007.50"}]
["Oct-Dic 2020","2020-12-28","N/A","T022","CD","UND",{"v":195,"d":"195.00"},{"v":13,"d":"RD$13.00"},{"v":2535,"d":"RD$2,535.00"}]
["Oct-Dic 2020","2020-12-28","N/A","T023","DVD","UND",{"v":100,"d":"100.00"},{"v":13.99,"d":"RD$13.99"},{"v":1399,"d":"RD$1,399.00"}]
["oct- dic 2020","2020-12-28","N/A","T023","DVD","UND",null,{"v":13.99,"d":"RD$13.99"},{"v":0,"d":"RD$0.00"}]
["Ene- Mar 2022","2022-03-31","N/A","T024","Cinta Brother ax10 177","UND",null,{"v":295,"d":"RD$295.00"},{"v":0,"d":"RD$0.00"}]
["N/A","N/A","N/A","T025","Cinta de maquina sumadora","UND",{"v":0,"d":"0.00"},{"v":39,"d":"RD$39.00"},{"v":0,"d":"RD$0.00"}]
["Abril-Jun 2024","28/5/2024","N/A","T026","Cinta Epson 8750","UND",{"v":4,"d":"4.00"},{"v":337,"d":"RD$337.00"},{"v":1348,"d":"RD$1,348.00"}]
["abril-jun 2015","1905-07-07","N/A","T027","Cinta olivetti ET 121","UND",null,{"v":220,"d":"RD$220.00"},{"v":0,"d":"RD$0.00"}]
["abril-jun 2015","1905-07-07","N/A","T028","Cinta unitype royal alpha 600","UND",null,{"v":120,"d":"RD$120.00"},{"v":0,"d":"RD$0.00"}]
["N/A","N/A","N/A","T029","Mouse óptico","UND",null,{"v":350,"d":"RD$350.00"},{"v":0,"d":"RD$0.00"}]
["abril-jun 2018","2017-02-23","N/A","T030","Tóner Brother 7440 TN 360","UND",null,{"v":5800,"d":"RD$5,800.00"},{"v":0,"d":"RD$0.00"}]
["abril-jun 2015","1905-07-07","N/A","T031","Tóner C7115A","UND",null,{"v":3550,"d":"RD$3,550.00"},{"v":0,"d":"RD$0.00"}]
["abril-jun 2018","2018-07-07","N/A","T032","Tóner Canon FX-9 (104)","UND",{"v":0,"d":"0.00"},{"v":1500,"d":"RD$1,500.00"},{"v":0,"d":"RD$0.00"}]
["N/A","N/A","N/A","T033","Tóner Cartridge (Sharp/Xerox)","UND",{"v":0,"d":"0.00"},{"v":4500,"d":"RD$4,500.00"},{"v":0,"d":"RD$0.00"}]
["abril- junio 2021","2021-05-04","N/A","T034","Tóner CF350","UND",null,{"v":3143.12,"d":"RD$3,143.12"},{"v":0,"d":"RD$0.00"}]
["abril- junio 2021","2021-05-04","N/A","T035","Tóner CF351","UND",null,{"v":3241.57,"d":"RD$3,241.57"},{"v":0,"d":"RD$0.00"}]
["abril- junio 2021","2021-05-04","N/A","T036","Tóner CF352","UND",null,{"v":3241.57,"d":"RD$3,241.57"},{"v":0,"d":"RD$0.00"}]
["abril- junio 2021","2021-05-04","N/A","T037","Tóner CF353","UND",null,{"v":3241.57,"d":"RD$3,241.57"},{"v":0,"d":"RD$0.00"}]
["Jul-Sept 2023","2023-01-09","N/A","T038","Tóner CC530A","UND",{"v":0,"d":"0.00"},{"v":1420.38,"d":"RD$1,420.38"},{"v":0,"d":"RD$0.00"}]
["Jul-Sept 2023","2023-01-09","N/A","T039","Tóner CC531A","UND",{"v":0,"d":"0.00"},{"v":1420.38,"d":"RD$1,420.38"},{"v":0,"d":"RD$0.00"}]
["Jul-Sept 2023","2023-01-09","N/A","T040","Tóner CC532A","UND",{"v":0,"d":"0.00"},{"v":1420.38,"d":"RD$1,420.38"},{"v":0,"d":"RD$0.00"}]
["Jul-Sept 2023","2023-01-09","N/A","T041","Tóner CC533A","UND",{"v":0,"d":"0.00"},{"v":1420.38,"d":"RD$1,420.38"},{"v":0,"d":"RD$0.00"}]
["abril- junio 2021","2023-01-09","N/A","T043","Tóner Q7553A","UND",{"v":0,"d":"0.00"},{"v":5700,"d":"RD$5,700.00"},{"v":0,"d":"RD$0.00"}]
["abril- junio 2021","2021-05-04","N/A","T044","Tóner Toshiba Studio 2320","UND",null,{"v":7500,"d":"RD$7,500.00"},{"v":0,"d":"RD$0.00"}]
["Oct-Dic 2022","2022-12-15","N/A","T041","Tóner CC533A","UND",null,{"v":1377.97,"d":"RD$1,377.97"},{"v":0,"d":"RD$0.00"}]
["Abril-Jun 2024","2024-05-28","N/A","T045","Tóner HP CF210A","UND",{"v":0,"d":"0.00"},{"v":1950,"d":"RD$1,950.00"},{"v":0,"d":"RD$0.00"}]
["Abril-Jun 2024","2024-05-28","N/A","T046","Tóner HP CF211A","UND",{"v":0,"d":"0.00"},{"v":1950,"d":"RD$1,950.00"},{"v":0,"d":"RD$0.00"}]
["Abril-Jun 2024","2024-05-28","N/A","T047","Tóner HP CF212A","UND",{"v":0,"d":"0.00"},{"v":1950,"d":"RD$1,950.00"},{"v":0,"d":"RD$0.00"}]
["Abril-Jun 2024","2024-05-28","N/A","T048","Tóner HP CF213A","UND",{"v":0,"d":"0.00"},{"v":1950,"d":"RD$1,950.00"},{"v":0,"d":"RD$0.00"}]
["jul-sep 2019","2019-08-30","N/A","T049","Tóner HP CE320A","UND",{"v":0,"d":"0.00"},{"v":3220.64,"d":"RD$3,220.64"},{"v":0,"d":"RD$0.00"}]
["oct-dic 2020","2020-10-12","N/A","T050","Tóner HP CE321A","UND",null,{"v":3762.94,"d":"RD$3,762.94"},{"v":0,"d":"RD$0.00"}]
["oct-dic 2020","2020-10-12","N/A","T051","Tóner HP CE322A","UND",null,{"v":3762.94,"d":"RD$3,762.94"},{"v":0,"d":"RD$0.00"}]
["jul-sep 2019","2019-08-30","N/A","T052","Tóner HP CE323A","UND",null,{"v":3063.61,"d":"RD$3,063.61"},{"v":0,"d":"RD$0.00"}]
["abril-jun 2018","2017-02-23","N/A","T054","Tóner HP CE310A","UND",null,{"v":2006,"d":"RD$2,006.00"},{"v":0,"d":"RD$0.00"}]
["abril-jun 2018","2017-02-23","N/A","T055","Tóner HP CE311A","UND",null,{"v":2006,"d":"RD$2,006.00"},{"v":0,"d":"RD$0.00"}]
["abril-jun 2018","2017-02-23","N/A","T056","Tóner HP CE312A","UND",null,{"v":2006,"d":"RD$2,006.00"},{"v":0,"d":"RD$0.00"}]
["abril-jun 2018","2017-02-23","N/A","T057","Tóner HP CE313A","UND",null,{"v":2006,"d":"RD$2,006.00"},{"v":0,"d":"RD$0.00"}]
["julio-sept. 2018","2018-08-24","N/A","T058","Cartucho HP 564 negro","UND",null,{"v":853.85,"d":"RD$853.85"},{"v":0,"d":"RD$0.00"}]
["julio-sept. 2018","2018-08-24","N/A","T059","Cartucho HP 564 amarillo","UND",null,{"v":720.78,"d":"RD$720.78"},{"v":0,"d":"RD$0.00"}]
["julio-sept. 2018","2018-08-24","N/A","T060","Cartucho HP 564 azul","UND",null,{"v":720.78,"d":"RD$720.78"},{"v":0,"d":"RD$0.00"}]
["julio-sept. 2018","2018-08-24","N/A","T061","Cartucho HP 564 magenta","UND",null,{"v":720.78,"d":"RD$720.78"},{"v":0,"d":"RD$0.00"}]
["abril-jun 2018","2018-08-04","N/A","N/A","Cartucho HP 61 Color","UND",null,{"v":1190,"d":"RD$1,190.00"},{"v":0,"d":"RD$0.00"}]
["abril-jun 2018","2018-08-04","N/A","N/A","Cartucho HP 61 negro","UND",null,{"v":1030,"d":"RD$1,030.00"},{"v":0,"d":"RD$0.00"}]
["ene-mar 2017","2017-02-23","N/A","T062","Tóner Ricoh 2120","UND",null,{"v":2360,"d":"RD$2,360.00"},{"v":0,"d":"RD$0.00"}]
["jul-sep 2019","2019-08-30","N/A","T063","Cartucho HP 950 negro","UND",null,{"v":1336.03,"d":"RD$1,336.03"},{"$f":"+G210*H210","v":{"v":0,"d":"RD$0.00"}}]
["jul-sep 2019","2019-08-30","N/A","T064","Cartucho HP 951 cyan","UND",null,{"v":952.04,"d":"RD$952.04"},{"v":0,"d":"RD$0.00"}]
["jul-sep 2019","2019-08-30","N/A","T065","Cartucho HP 951 magenta","UND",null,{"v":952.04,"d":"RD$952.04"},{"v":0,"d":"RD$0.00"}]
["jul-sep 2019","2019-08-30","N/A","T066","Cartucho HP 951 Amarillo","UND",null,{"v":952.04,"d":"RD$952.04"},{"v":0,"d":"RD$0.00"}]
["Ene-Mar 2025","2025-02-03","N/A","T067","Toner HP CE285A","UND",{"v":0,"d":"0.00"},{"v":3581.16,"d":"RD$3,581.16"},{"v":0,"d":"RD$0.00"}]
["Oct-Dic 2022","2022-12-15","N/A","T068","Toner HP CF280A","UND",{"v":0,"d":"0.00"},{"v":2100,"d":"RD$2,100.00"},{"v":0,"d":"RD$0.00"}]
["abril-jun 2016","1905-07-08","N/A","T069","Toner Toshiba T-1640E","UND",null,{"v":6000,"d":"RD$6,000.00"},{"v":0,"d":"RD$0.00"}]
["Oct-Dic 2022","2022-12-15","N/A","T068","Toner HP CE280A","UND",null,{"v":2100,"d":"RD$2,100.00"},{"v":0,"d":"RD$0.00"}]
["Ene-Mar 2025","2025-02-03","N/A","T070","Cartucho Canon 210 Negro","UND",{"v":0,"d":"0.00"},{"v":1220.28,"d":"RD$1,220.28"},{"v":0,"d":"RD$0.00"}]
["Ene-Mar 2025","2025-02-03","N/A","T071","Cartucho Canon 211 Color","UND",{"v":0,"d":"0.00"},{"v":1766.44,"d":"RD$1,766.44"},{"v":0,"d":"RD$0.00"}]
["abril- junio 2021","2021-05-04","N/A","T072","Toner HP CF410A","UND",null,{"v":6936.41,"d":"RD$6,936.41"},{"v":0,"d":"RD$0.00"}]
["abril-jun 2016","1905-07-08","N/A","T073","Cinta Brother 188","UND",null,{"v":257,"d":"RD$257.00"},{"v":0,"d":"RD$0.00"}]
["jul-sep 2019","2019-08-30","N/A","TONER HP","Toner HP CF 411A Cyan","UND",null,{"v":7362.94,"d":"RD$7,362.94"},{"v":0,"d":"RD$0.00"}]
["ene-mar 2019","2019-02-14","N/A","TONER HP","Toner HP CF 412A Amarillo","UND",null,{"v":6936.41,"d":"RD$6,936.41"},{"v":0,"d":"RD$0.00"}]
["abril- junio 2021","2021-05-04","N/A","TONER HP","Toner HP CF 413A Magenta","UND",null,{"v":6936.41,"d":"RD$6,936.41"},{"v":0,"d":"RD$0.00"}]
["Oct-Dic 2022","2022-12-15","N/A","T071","Cartucho Canon 211 Negro","UND",null,{"v":1495,"d":"RD$1,495.00"},{"v":0,"d":"RD$0.00"}]
["Oct-Dic 2022","2022-12-15","N/A","N/A","CF400A Negro","UND",{"v":0,"d":"0.00"},{"v":1420,"d":"RD$1,420.00"},{"v":0,"d":"RD$0.00"}]
["Oct-Dic 2022","2022-12-15","N/A","N/A","CF401A Azul","UND",{"v":0,"d":"0.00"},{"v":1420,"d":"RD$1,420.00"},{"v":0,"d":"RD$0.00"}]
["Oct-Dic 2022","2022-12-15","N/A","N/A","CF402A Amarillo","UND",{"v":0,"d":"0.00"},{"v":1420,"d":"RD$1,420.00"},{"v":0,"d":"RD$0.00"}]
["Oct-Dic 2022","2022-12-15","N/A","N/A","CF403A Magenta","UND",{"v":0,"d":"0.00"},{"v":1420,"d":"RD$1,420.00"},{"v":0,"d":"RD$0.00"}]
["Ene-Mar 2025","2025-02-03","N/A","N/A","Cinta Zebra ","UND",{"v":3,"d":"3.00"},{"v":2684.41,"d":"RD$2,684.41"},{"v":8053.23,"d":"RD$8,053.23"}]
["Jul-Sept 2023","2023-09-01","N/A","N/A","EPSON 504  NEGRO","UND",{"v":0,"d":"0.00"},{"v":350,"d":"RD$350.00"},{"v":0,"d":"RD$0.00"}]
["Jul-Sept 2023","2023-09-01","N/A","N/A","EPSON 504  MAGENTA ","UND",{"v":0,"d":"0.00"},{"v":350,"d":"RD$350.00"},{"v":0,"d":"RD$0.00"}]
["Jul-Sept 2023","2023-09-01","N/A","N/A","EPSON 504  YELOW","UND",{"v":0,"d":"0.00"},{"v":350,"d":"RD$350.00"},{"v":0,"d":"RD$0.00"}]
["Jul-Sept 2023","2023-09-01","N/A","N/A","EPSON 504  CYAN","UND",{"v":0,"d":"0.00"},{"v":350,"d":"RD$350.00"},{"v":0,"d":"RD$0.00"}]
["Oct-Dic 2025","2025-12-23","N/A","N/A","EPSON 544 NEGRO","UND",{"v":19,"d":"19.00"},{"v":626,"d":"RD$626.00"},{"v":11894,"d":"RD$11,894.00"}]
["Oct-Dic 2025","2025-12-23","N/A","N/A","EPSON 544 MAGENTA","UND",{"v":24,"d":"24.00"},{"v":626,"d":"RD$626.00"},{"v":15024,"d":"RD$15,024.00"}]
["Oct-Dic 2025","2025-12-23","N/A","N/A","EPSON 544 YELLOW","UND",{"v":19,"d":"19.00"},{"v":626,"d":"RD$626.00"},{"v":11894,"d":"RD$11,894.00"}]
["Oct-Dic 2025","2025-12-23","N/A","N/A","EPSON 544 CYAN","UND",{"v":19,"d":"19.00"},{"v":626,"d":"RD$626.00"},{"v":11894,"d":"RD$11,894.00"}]
["julio-sept. 2018","2018-08-24","N/A","N/A","CANON 190 -  NEGRO","UND",null,{"v":626,"d":"RD$626.00"},{"v":0,"d":"RD$0.00"}]
["julio-sept. 2018","2018-08-24","N/A","N/A","CANON 190 - AMARILLO","UND",null,{"v":626,"d":"RD$626.00"},{"v":0,"d":"RD$0.00"}]
["julio-sept. 2018","2018-08-24","N/A","N/A","CANON 190 - CYAN ","UND",null,{"v":626,"d":"RD$626.00"},{"v":0,"d":"RD$0.00"}]
["julio-sept. 2018","2018-08-24","N/A","N/A","CANON 190 - MAGENTA ","UND",null,{"v":626,"d":"RD$626.00"},{"v":0,"d":"RD$0.00"}]
["Oct-Dic 2022","2022-12-15","N/A","N/A","EPSON 544 CYAN","UND",null,{"v":626,"d":"RD$626.00"},{"v":0,"d":"RD$0.00"}]
["Ene-Mar 2025","2025-02-03","N/A","N/A","EPSON 504 NEGRO","UND",{"v":1,"d":"1.00"},{"v":350,"d":"RD$350.00"},{"v":350,"d":"RD$350.00"}]
["Ene-Mar 2025","2025-02-03","N/A","N/A","EPSON 504 MAGENTA","UND",{"v":43,"d":"43.00"},{"v":350,"d":"RD$350.00"},{"v":15050,"d":"RD$15,050.00"}]
["Ene-Mar 2025","2025-02-03","N/A","N/A","EPSON 504 YELLOW","UND",{"v":37,"d":"37.00"},{"v":350,"d":"RD$350.00"},{"v":12950,"d":"RD$12,950.00"}]
["Ene-Mar 2025","2025-02-03","N/A","N/A","EPSON 504 CYAN","UND",{"v":19,"d":"19.00"},{"v":350,"d":"RD$350.00"},{"v":6650,"d":"RD$6,650.00"}]
["Oct-Dic 2025","2025-12-22","N/A","N/A","Tinta Epson T11A1 Negro","UND",{"v":13,"d":"13.00"},{"v":2036.94,"d":"RD$2,036.94"},{"v":26480.22,"d":"RD$26,480.22"}]
["Oct-Dic 2025","2025-12-22","N/A","N/A","Tinta Epson T11A2 Cyan","UND",{"v":24,"d":"24.00"},{"v":3436.72,"d":"RD$3,436.72"},{"v":82481.28,"d":"RD$82,481.28"}]
["Oct-Dic 2025","2025-12-22","N/A","N/A","Tinta Epson T11A3 Magenta","UND",{"v":34,"d":"34.00"},{"v":3436.72,"d":"RD$3,436.72"},{"v":116848.48,"d":"RD$116,848.48"}]
["Oct-Dic 2025","2025-12-22","N/A","N/A","Tinta Epson T11A4 Amarillo","UND",{"v":34,"d":"34.00"},{"v":3436.72,"d":"RD$3,436.72"},{"v":116848.48,"d":"RD$116,848.48"}]
["Ene-Mar 2025","2025-02-03","N/A","N/A","HP LASERJET CF283A BLACK","UND",{"v":0,"d":"0.00"},{"v":3884.41,"d":"RD$3,884.41"},{"v":0,"d":"RD$0.00"}]
["Oct-Dic 2022","2022-12-15","N/A","N/A","HP LASERJET CF226X","UND",{"v":1,"d":"1.00"},{"v":2350,"d":"RD$2,350.00"},{"v":2350,"d":"RD$2,350.00"}]
["Ene-Mar 2025","2025-02-03","N/A","N/A","HP Laserjet Toner 202A (CF500A) Black ","UND",{"v":0,"d":"0.00"},{"v":2350,"d":"RD$2,350.00"},{"v":0,"d":"RD$0.00"}]
["Ene-Mar 2025","2025-02-03","N/A","N/A","HP Laserjet TONER 202A (CF501A) Cyan ","UND",{"v":0,"d":"0.00"},{"v":2350,"d":"RD$2,350.00"},{"v":0,"d":"RD$0.00"}]
["Ene-Mar 2025","2025-02-03","N/A","N/A","HP Laserjet TONER 202A (CF502A) Yellow ","UND",{"v":0,"d":"0.00"},{"v":2350,"d":"RD$2,350.00"},{"v":0,"d":"RD$0.00"}]
["Ene-Mar 2025","2025-02-03","N/A","N/A","HP Laserjet Toner 202A (CF503A) Magenta  ","UND",{"v":0,"d":"0.00"},{"v":2350,"d":"RD$2,350.00"},{"v":0,"d":"RD$0.00"}]
["Oct-Dic 2022","2022-12-15","N/A","N/A","TONER HP 58A","UND",{"v":0,"d":"0.00"},{"v":2350,"d":"RD$2,350.00"},{"v":0,"d":"RD$0.00"}]
["Oct-Dic 2022","2022-12-15","N/A","N/A","TONER HP 414A BLACK ","UND",{"v":0,"d":"0.00"},{"v":2350,"d":"RD$2,350.00"},{"v":0,"d":"RD$0.00"}]
["Oct-Dic 2022","2022-12-15","N/A","N/A","TONER HP 414A MAGENTA","UND",{"v":0,"d":"0.00"},{"v":2350,"d":"RD$2,350.00"},{"v":0,"d":"RD$0.00"}]
["Oct-Dic 2022","2022-12-15","N/A","N/A","TONER HP 414A YELLOW","UND",{"v":0,"d":"0.00"},{"v":2350,"d":"RD$2,350.00"},{"v":0,"d":"RD$0.00"}]
["Oct-Dic 2022","2022-12-15","N/A","N/A","TONER HP 414A CYAN","UND",{"v":0,"d":"0.00"},{"v":2350,"d":"RD$2,350.00"},{"v":0,"d":"RD$0.00"}]
["Oct-Dic 2025","2025-12-22","N/A","N/A","Toner HP 230A Negro ","UND",{"v":3,"d":"3.00"},{"v":6947,"d":"RD$6,947.00"},{"v":20841,"d":"RD$20,841.00"}]
["Oct-Dic 2025","2025-12-22","N/A","N/A","Toner HP 230A Cyan","UND",{"v":6,"d":"6.00"},{"v":8382,"d":"RD$8,382.00"},{"v":50292,"d":"RD$50,292.00"}]
["Oct-Dic 2025","2025-12-22","N/A","N/A","Toner HP 230A Magenta","UND",{"v":6,"d":"6.00"},{"v":8382,"d":"RD$8,382.00"},{"v":50292,"d":"RD$50,292.00"}]
["Oct-Dic 2025","2025-12-22","N/A","N/A","Toner HP 230A Amarillo","UND",{"v":5,"d":"5.00"},{"v":8382,"d":"RD$8,382.00"},{"v":41910,"d":"RD$41,910.00"}]
["Ene-Mar 2026","2026-02-10","N/A","N/A","Tóner Hp 206A (W2110A Black)","UND",{"v":32,"d":"32.00"},{"v":5316.88,"d":"RD$5,316.88"},{"v":170140.16,"d":"RD$170,140.16"}]
["Oct-Dic 2025","2025-12-05","N/A","N/A","Tóner Hp 206A (W2110A Cyan)","UND",{"v":25,"d":"25.00"},{"v":6223.04,"d":"RD$6,223.04"},{"v":155576,"d":"RD$155,576.00"}]
["Oct-Dic 2025","2025-12-05","N/A","N/A","Tóner Hp 206A (W2110A Yellow)","UND",{"v":22,"d":"22.00"},{"v":6223.04,"d":"RD$6,223.04"},{"v":136906.88,"d":"RD$136,906.88"}]
["Oct-Dic 2025","2025-12-05","N/A","N/A","Tóner Hp 206A (W2110A Magenta)","UND",{"v":23,"d":"23.00"},{"v":6223.04,"d":"RD$6,223.04"},{"v":143129.92,"d":"RD$143,129.92"}]
["Ene-Mar 2026","2026-02-10","N/A","N/A","Tóner Hp 150A Negro","UND",{"v":9,"d":"9.00"},{"v":3354.81,"d":"RD$3,354.81"},{"v":30193.29,"d":"RD$30,193.29"}]
["Oct-Dic 2025","2025-12-05","N/A","N/A","Tóner Hp 105A Negro","UND",{"v":32,"d":"32.00"},{"v":3791,"d":"RD$3,791.00"},{"v":121312,"d":"RD$121,312.00"}]
["Oct-Dic 2025","2025-12-05","N/A","N/A","CARTUCHO HP 954 NEGRO","UND",{"v":0,"d":"0.00"},{"v":1800.34,"d":"RD$1,800.34"},{"v":0,"d":"RD$0.00"}]
["Oct-Dic 2025","2025-12-05","N/A","N/A"," CARTUCHO HP 954 MAGENTA","UND",{"v":0,"d":"0.00"},{"v":1259.9,"d":"RD$1,259.90"},{"v":0,"d":"RD$0.00"}]
["Oct-Dic 2025","2025-12-05","N/A","N/A","CARTUCHO HP 954 AMARILLO","UND",{"v":0,"d":"0.00"},{"v":1259.9,"d":"RD$1,259.90"},{"v":0,"d":"RD$0.00"}]
["Oct-Dic 2025","2025-12-05","N/A","N/A","CARTUCHO HP 954  AZUL ","UND",{"v":0,"d":"0.00"},{"v":1259.9,"d":"RD$1,259.90"},{"v":0,"d":"RD$0.00"}]
["Oct-Dic 2025","2025-12-05","N/A","N/A","Toner HP 83A BLACK","UND",{"v":7,"d":"7.00"},{"v":5849,"d":"RD$5,849.00"},{"v":40943,"d":"RD$40,943.00"}]
["Talonarios y Sellos"]
["ene-mar 2017","2017-01-27","N/A","F001","Caja Chica regional norte","BLO",null,{"v":125,"d":"RD$125.00"},{"$f":"G:G*H:H","v":{"v":0,"d":"RD$0.00"}}]
["jul-sept 2017","2017-08-04","N/A","N/A","Caja Chica Laboratorio","BLO",null,{"v":125,"d":"RD$125.00"},{"$f":"G:G*H:H","v":{"v":0,"d":"RD$0.00"}}]
["jul-sept 2017","2017-08-04","N/A","N/A","Caja Chija Direccion General","BLO",{"v":3,"d":"3.00"},{"v":125,"d":"RD$125.00"},{"$f":"+G281*H281","v":{"v":375,"d":"RD$375.00"}}]
["Ene-Mar 2026","2026-01-08","N/A","N/A","Formulario de Desembolso Provisional","BLO",{"v":9,"d":"9.00"},{"v":148.31,"d":"RD$148.31"},{"$f":"+G282*H282","v":{"v":1334.79,"d":"RD$1,334.79"}}]
["Ene-Mar 2026","2026-01-08","N/A","N/A","Factura Pro-Forma Santo Domingo","BLO",{"v":44,"d":"44.00"},{"v":207.63,"d":"RD$207.63"},{"v":9135.72,"d":"RD$9,135.72"}]
["Ene-Mar 2026","2026-01-08","N/A","N/A","Facturas Pro-Forma Santiago","BLO",{"v":70,"d":"70.00"},{"v":207.63,"d":"RD$207.63"},{"v":14534.1,"d":"RD$14,534.10"}]
["Ene-Mar 2026","2026-01-08","N/A","N/A","Formulario de Desembolso  Provisional de Caja Chica, ","BLO",{"v":10,"d":"10.00"},{"v":148.31,"d":"RD$148.31"},{"v":1483.1,"d":"RD$1,483.10"}]
["Ene-Mar 2026","2026-01-08","N/A","F002","Formulario de Desembolso de Caja Chica, ","BLO",{"v":30,"d":"30.00"},{"v":148.31,"d":"RD$148.31"},{"v":4449.3,"d":"RD$4,449.30"}]
["abril-jun 2016","1905-07-08","N/A","F004","Reporte Evaluación división de Inspección  en Aduanas","BLO",null,{"v":385,"d":"RD$385.00"},{"v":0,"d":"RD$0.00"}]
["Ene-Mar 2026","2026-01-08","N/A","F005","Formulario Aut. de permisos, tardanzas y ausencias","BLO",{"v":50,"d":"50.00"},{"v":207.63,"d":"RD$207.63"},{"v":10381.5,"d":"RD$10,381.50"}]
["ene-mar 2017","2017-01-27","N/A","F006","Formulario de Reparadores Autorizados (RPA)","BLO",null,{"v":250,"d":"RD$250.00"},{"v":0,"d":"RD$0.00"}]
["N/A","N/A","N/A","F007","Sección de certif. de Reglamentos técnicos en aduana","BLO",{"v":0,"d":"0.00"},{"v":245,"d":"RD$245.00"},{"v":0,"d":"RD$0.00"}]
["Ene-Mar 2026","2026-01-08","N/A","F008","Formulario de Desembolso de Operaciones","BLO",{"v":29,"d":"29.00"},{"v":148.31,"d":"RD$148.31"},{"v":4300.99,"d":"RD$4,300.99"}]
["Ene- Mar 2022","2022-02-17","N/A","N/A","Informe de Verificacion Medidores de Gas Natural Vehicular ","BLO",{"v":14,"d":"14.00"},{"v":515,"d":"RD$515.00"},{"v":7210,"d":"RD$7,210.00"}]
["Abril-Jun 2016","2016-06-08","N/A","F009","Formulario de Supervisión  de sellos de calidad","BLO",{"v":63,"d":"63.00"},{"v":250,"d":"RD$250.00"},{"v":15750,"d":"RD$15,750.00"}]
["Ene-Mar 2026","2026-01-08","N/A","F010","Formulario Verificación de Medidores de Flujo","BLO",{"v":55,"d":"55.00"},{"v":148.31,"d":"RD$148.31"},{"v":8157.05,"d":"RD$8,157.05"}]
["abril-junio 2022","2022-04-11","N/A","G057","Precinto de seguridad 100/1","PAQ",{"v":6,"d":"6.00"},{"v":4320,"d":"RD$4,320.00"},{"v":25920,"d":"RD$25,920.00"}]
["Abril-Jun 2024","16/04/2024","N/A","N/A","Surtidores de Combustible Liquido (SANTIAGO)","BLO",{"v":0,"d":"0.00"},{"v":738,"d":"RD$738.00"},{"v":0,"d":"RD$0.00"}]
["Abril-Jun 2024","16/04/2024","N/A","F011","Formulario Verificación de Instrumentos de Pesar ","BLO",{"v":4,"d":"4.00"},{"v":225,"d":"RD$225.00"},{"v":900,"d":"RD$900.00"}]
["abril-jun 2016","1905-07-08","N/A","F012","Formulario Verificación Medidores de Flujo Pro-Consumidor","BLO",null,{"v":225,"d":"RD$225.00"},{"v":0,"d":"RD$0.00"}]
["Abril-Jun 2024","16/04/2024","N/A","F013"," Surtidores de Combustibles Líquido (Santo Domingo)","BLO",{"v":24,"d":"24.00"},{"v":200,"d":"RD$200.00"},{"v":4800,"d":"RD$4,800.00"}]
["Oct-Dic 2025","2025-11-05","N/A","F014","Sellos Amarillos (Reparación) 1/1","UND",{"v":1967,"d":"1,967.00"},{"v":4.75,"d":"RD$4.75"},{"v":9343.25,"d":"RD$9,343.25"}]
["Abril-Jun 2016","29/4/2016","N/A","N/A","Precinto Etiqueta Roja ","UND",{"v":250,"d":"250.00"},{"v":4.75,"d":"RD$4.75"},{"v":1187.5,"d":"RD$1,187.50"}]
["Ene-Mar 2026","2026-01-28","N/A","N/A","Precinto de seguridad plastico","UND",{"v":2600,"d":"2600.00"},{"v":15,"d":"RD$15.00"},{"v":39000,"d":"RD$39,000.00"}]
["Oct-Dic 2025","2025-11-05","N/A","F015","Sellos Rojos (Rechazado) 1/1","UND",{"v":1530,"d":"1530.00"},{"v":3.5,"d":"RD$3.50"},{"v":5355,"d":"RD$5,355.00"}]
["Abril-Jun 2024","2023-01-11","N/A","F016","Sellos Azules (Aprobado) 1/1","UND",null,{"v":4.76,"d":"RD$4.76"},{"v":0,"d":"RD$0.00"}]
["Abril-Jun 2024","2017-02-23","N/A","F017","Sello modelo aprobado","UND",null,{"v":4.35,"d":"RD$4.35"},{"v":0,"d":"RD$0.00"}]
["Abril-Jun 2024","2023-02-15","N/A","F018","Recibo de Ingreso ","UND",null,{"v":125,"d":"RD$125.00"},{"v":0,"d":"RD$0.00"}]
["Abril-Jun 2024","1905-07-08","N/A","N/A","Recibo Provicional ","UND",null,{"v":125,"d":"RD$125.00"},{"v":0,"d":"RD$0.00"}]
["Abril-Jun 2024","1905-07-08","N/A","F019","Formulario Evaluacion RTD 458","UND",null,{"v":225,"d":"RD$225.00"},{"v":0,"d":"RD$0.00"}]
["Abril-Jun 2024","2018-09-11","N/A","N/A","Formulario Verificación Surtidores de Combustibles Líquidos  Pro-Consumidor","UND",null,{"v":225,"d":"RD$225.00"},{"v":0,"d":"RD$0.00"}]
["Oct-Dic 2025","2025-11-05","N/A","F016","Sellos Azules (Aprobado) 1/1","UND",{"v":57086,"d":"57,086.00"},{"v":3.5,"d":"RD$3.50"},{"v":199801,"d":"RD$199,801.00"}]
["Oct-Dic 2023","22/12/2023","N/A","F018","Recibo de Ingreso ","BLO",{"v":20,"d":"20.00"},{"v":125,"d":"RD$125.00"},{"v":2500,"d":"RD$2,500.00"}]
["Ene-Mar 2024","2024-03-05","N/A","N/A","Sellos de Seguridad a prueba de Manipulación","UND",{"v":100000,"d":"100000.00"},{"v":10.51,"d":"RD$10.51"},{"v":1051000,"d":"RD$1,051,000.00"}]
["Cocina y Desechables"]
["Julio-Sept 2025","2025-08-07","N/A","C001","Azúcar Blanca","SAC",{"v":0,"d":"0.00"},{"v":4123,"d":"RD$4,123.00"},{"$f":"+G314*H314","v":{"v":0,"d":"RD$0.00"}}]
["Ene-Mar 2026","2026-02-16","N/A","N/A","Leche Entera 12/1","UND",{"v":305,"d":"305.00"},{"v":89,"d":"RD$89.00"},{"$f":"+G315*H315","v":{"v":27145,"d":"RD$27,145.00"}}]
["Julio-Sept 2025","2025-08-07","N/A","C002","Café 12/1","PAQ",{"v":137,"d":"137.00"},{"v":310,"d":"RD$310.00"},{"v":42470,"d":"RD$42,470.00"}]
["Abril-Jun 2024","2024-04-02","N/A","C003","Cuchara desechable 25/1","PAQ",null,{"v":350,"d":"RD$350.00"},{"v":0,"d":"RD$0.00"}]
["Oct-Dic 2024","2024-11-26","N/A","N/A","Fardo de Agua 20/1","FARDO",{"v":0,"d":"0.00"},{"v":225,"d":"RD$225.00"},{"v":0,"d":"RD$0.00"}]
["Oct-Dic 2024","2024-11-26","N/A","N/A","Te en polvo","LATA",{"v":6,"d":"6.00"},{"v":700,"d":"RD$700.00"},{"v":4200,"d":"RD$4,200.00"}]
["N/A","N/A","N/A","C006","Plato desechable No. 6","PAQ",{"v":0,"d":"0.00"},{"v":35,"d":"RD$35.00"},{"v":0,"d":"RD$0.00"}]
["Ene-Mar 2023","2023-03-15","N/A","C002","Café 12/1","PAQ",null,{"v":310,"d":"RD$310.00"},{"v":0,"d":"RD$0.00"}]
["Ene-Mar 2026","2026-02-16","N/A","C007","Rollo papel higiénico Jumbo 12/1","FARDO",{"v":24,"d":"24.00"},{"v":1125,"d":"RD$1,125.00"},{"v":27000,"d":"RD$27,000.00"}]
["Ene-Mar 2026","2026-02-16","N/A","C008","Rollo papel para manos 6/1","UND",{"v":77,"d":"77.00"},{"v":156.25,"d":"RD$156.25"},{"v":12031.25,"d":"RD$12,031.25"}]
["Ene-Mar 2024","2024-03-06","N/A","C009","Servilleta","UND",{"v":0,"d":"0.00"},{"v":90,"d":"RD$90.00"},{"v":0,"d":"RD$0.00"}]
["Jul-Sept 2022","2022-08-12","N/A","N/A","Azucar Crema","UND",{"v":18,"d":"18.00"},{"v":90,"d":"RD$90.00"},{"v":1620,"d":"RD$1,620.00"}]
["Abril-Jun 2025","2025-05-28","N/A","N/A","Agua Saborizada ICE","UND",{"v":0,"d":"0.00"},{"v":82,"d":"RD$82.00"},{"v":0,"d":"RD$0.00"}]
["Abril-Jun 2025","2025-05-28","N/A","N/A","Agua Planeta Azul","UND",{"v":0,"d":"0.00"},{"v":11,"d":"RD$11.00"},{"v":0,"d":"RD$0.00"}]
["Abril-Jun 2025","2025-05-28","N/A","N/A","Galletas Milano","UND",{"v":0,"d":"0.00"},{"v":48,"d":"RD$48.00"},{"v":0,"d":"RD$0.00"}]
["Abril-Jun 2025","2025-05-28","N/A","N/A","Agua 8oz","UND",{"v":0,"d":"0.00"},{"v":12.5,"d":"RD$12.50"},{"v":0,"d":"RD$0.00"}]
["Abril-Jun 2025","2025-05-28","N/A","N/A","Agua Saborizada Lata","UND",{"v":0,"d":"0.00"},{"v":37.5,"d":"RD$37.50"},{"v":0,"d":"RD$0.00"}]
["Abril-Jun 2025","2025-05-28","N/A","N/A","Semillas Entera","UND",{"v":0,"d":"0.00"},{"v":1590,"d":"RD$1,590.00"},{"v":0,"d":"RD$0.00"}]
["Abril-Jun 2025","2025-05-28","N/A","N/A","Semillas Variadas","UND",{"v":0,"d":"0.00"},{"v":1200,"d":"RD$1,200.00"},{"v":0,"d":"RD$0.00"}]
["Abril-Jun 2025","2025-05-28","N/A","N/A","Galletas Granola ","UND",{"v":0,"d":"0.00"},{"v":35.41,"d":"RD$35.41"},{"v":0,"d":"RD$0.00"}]
["Abril-Jun 2025","2025-05-28","N/A","N/A","Juego de cuberteria desechable ","UND",{"v":685,"d":"685.00"},{"v":7.4,"d":"RD$7.40"},{"v":5069,"d":"RD$5,069.00"}]
["Abril-Jun 2025","2025-05-28","N/A","N/A","Plato desechable No. 6","UND",{"v":130,"d":"130.00"},{"v":4.2,"d":"RD$4.20"},{"v":546,"d":"RD$546.00"}]
["Abril-Jun 2025","2025-05-28","N/A","N/A","Plato desechable No. 9","UND",{"v":220,"d":"220.00"},{"v":10,"d":"RD$10.00"},{"v":2200,"d":"RD$2,200.00"}]
["Abril-Jun 2025","2025-05-28","N/A","N/A","Plato desechable bandeja 6*6","UND",{"v":750,"d":"750.00"},{"v":12.34,"d":"RD$12.34"},{"v":9255,"d":"RD$9,255.00"}]
["Abril-Jun 2025","2025-05-28","N/A","N/A","Vasos No 12","UND",{"v":450,"d":"450.00"},{"v":5.8,"d":"RD$5.80"},{"v":2610,"d":"RD$2,610.00"}]
["Abril-Jun 2025","2025-05-28","N/A","N/A","Cucharas desechables","UND",{"v":450,"d":"450.00"},{"v":2.05,"d":"RD$2.05"},{"v":922.4999999999999,"d":"RD$922.50"}]
["Abril-Jun 2025","2025-05-28","N/A","N/A","Plato desechable bandeja 8*8","UND",{"v":355,"d":"355.00"},{"v":22.43,"d":"RD$22.43"},{"v":7962.65,"d":"RD$7,962.65"}]
["Oct-Dic 2024","2024-11-26","N/A","N/A","Cremora en Frasco","UND",{"v":0,"d":"0.00"},{"v":355.3,"d":"RD$355.30"},{"v":0,"d":"RD$0.00"}]
["Ene- Mar 2022","23/2/2022","N/A","N/A","Azúcar splenda en sobres","UND",{"v":0,"d":"0.00"},{"v":410,"d":"RD$410.00"},{"v":0,"d":"RD$0.00"}]
["N/A","N/A","N/A","N/A","Cremora coffee mate en sobre","UND",null,{"v":102,"d":"RD$102.00"},{"v":0,"d":"RD$0.00"}]
["abril-jun 2016","1905-07-08","N/A","N/A","Azúcar blanca en sobres","UND",{"v":0,"d":"0.00"},{"v":320,"d":"RD$320.00"},{"v":0,"d":"RD$0.00"}]
[null,null,"N/A","N/A",null,"UND",null,null,{"v":0,"d":"RD$0.00"}]
[null,null,"N/A","N/A",null,"UND",null,null,{"v":0,"d":"RD$0.00"}]
["Oct-Dic 2024","2024-11-26","N/A","N/A","Té Rosa de Jamaica Mondaisa 20/1","UND",{"v":0,"d":"0.00"},{"v":5.52,"d":"RD$5.52"},{"v":0,"d":"RD$0.00"}]
["Ene-Mar 2026","2026-02-12","N/A","N/A","Té Rojo 20/1","UND",{"v":200,"d":"200.00"},{"v":5.8,"d":"RD$5.80"},{"v":1160,"d":"RD$1,160.00"}]
["Ene-Mar 2026","2026-02-12","N/A","N/A","Té Jengibre con limón Mondaisa 20/1","UND",{"v":320,"d":"320.00"},{"v":5.8,"d":"RD$5.80"},{"v":1856,"d":"RD$1,856.00"}]
["Oct-Dic 2024","2024-11-26","N/A","N/A","Té Manzanilla Mondaisa 20/1 ","UND",{"v":40,"d":"40.00"},{"v":5.8,"d":"RD$5.80"},{"v":232,"d":"RD$232.00"}]
["Jul-Sep 2024","2024-07-08","N/A","N/A","Té Verde con Limón 20/1","CAJ",{"v":0,"d":"0.00"},{"v":450,"d":"RD$450.00"},{"v":0,"d":"RD$0.00"}]
["Oct-Dic 2017","2017-10-20","N/A","C015","Encendedores ","UND",{"v":0,"d":"0.00"},{"v":375,"d":"RD$375.00"},{"v":0,"d":"RD$0.00"}]
["N/A","N/A","N/A","C016","Mesa para buffet 243X76X74","PAQ",{"v":0,"d":"0.00"},{"v":6250,"d":"RD$6,250.00"},{"v":0,"d":"RD$0.00"}]
["N/A","N/A","N/A","C017","Cuchara Desechable 1/250","PAQ",{"v":0,"d":"0.00"},{"v":75,"d":"RD$75.00"},{"v":0,"d":"RD$0.00"}]
["N/A","N/A","N/A","C018","Cubierto Desechable 1/25","PAQ",{"v":0,"d":"0.00"},{"v":90,"d":"RD$90.00"},{"v":0,"d":"RD$0.00"}]
["N/A","N/A","N/A","C019","Jugo Santal de Pera 12/1","PAQ",{"v":0,"d":"0.00"},{"v":60,"d":"RD$60.00"},{"v":0,"d":"RD$0.00"}]
["N/A","N/A","N/A","C020","Jugo Santal de Manzana 12/1","PAQ",{"v":0,"d":"0.00"},{"v":60,"d":"RD$60.00"},{"v":0,"d":"RD$0.00"}]
["N/A","N/A","N/A","C021","Sobre de te de Manzanillo, Tilo y Canela","CAJ",{"v":0,"d":"0.00"},{"v":30,"d":"RD$30.00"},{"v":0,"d":"RD$0.00"}]
["Ene-Mar 2022","2022-02-23","N/A","C012","Azucar Splenda en sobres","CAJ",null,{"v":410,"d":"RD$410.00"},{"v":0,"d":"RD$0.00"}]
["Oct-Dic 2017","2017-10-20","N/A","C015","Encendedores ","UN",null,{"v":375,"d":"RD$375.00"},{"v":0,"d":"RD$0.00"}]
["Ene-Mar 2022","2022-02-22","N/A","C022","Mascarilla ","CAJ",{"v":1,"d":"1.00"},{"v":400,"d":"RD$400.00"},{"v":400,"d":"RD$400.00"}]
["Oct-Dic 2021","13/10/2021","N/A","N/A","Sanitizante ","GAL",{"v":0,"d":"0.00"},{"v":6000,"d":"RD$6,000.00"},{"v":0,"d":"RD$0.00"}]
["abril-jun 2016",2016,"N/A","C023","Gorros ","PAQ",null,{"v":90,"d":"RD$90.00"},{"$f":"G:G*H:H","v":{"v":0,"d":"RD$0.00"}}]
[]
["abril-jun 2016",2016,"N/A","L001","Aceite de motor 2 cycle","UN",{"v":0,"d":"0.00"},{"v":241.37,"d":"RD$241.37"},{"$f":"G:G*H:H","v":{"v":0,"d":"RD$0.00"}}]
["N/A","N/A","N/A","L002","Aceite de motor SAE 40","UN",{"v":0,"d":"0.00"},{"v":189.65,"d":"RD$189.65"},{"$f":"G:G*H:H","v":{"v":0,"d":"RD$0.00"}}]
["Oct-Dic 2021","2021-10-13","N/A","N/A","Sanitizante ","GAL",null,{"v":6000,"d":"RD$6,000.00"},{"$f":"G:G*H:H","v":{"v":0,"d":"RD$0.00"}}]
["Limpieza"]
["Abril-Jun 2016","2016-06-15","N/A","L003","Agua destilada para bateria","UND",{"v":1,"d":"1.00"},{"v":100,"d":"RD$100.00"},{"$f":"+G369*H369","v":{"v":100,"d":"RD$100.00"}}]
["Ene-Mar 2026","2026-02-16","N/A","L004","Ambientador en spray glade","UND",{"v":66,"d":"66.00"},{"v":140,"d":"RD$140.00"},{"$f":"+G370*H370","v":{"v":9240,"d":"RD$9,240.00"}}]
["Ene-Mar 2025","2025-01-27","N/A","L005","Brillo verde","UND",{"v":85,"d":"85.00"},{"v":40,"d":"RD$40.00"},{"v":3400,"d":"RD$3,400.00"}]
["Ene-Mar 2026","2026-02-16","N/A","L006","Brillo verde con esponja","UND",{"v":26,"d":"26.00"},{"v":60,"d":"RD$60.00"},{"v":1560,"d":"RD$1,560.00"}]
["Ene-Mar 2025","2025-01-27","N/A","L007","Cepillo de pared","UN",{"v":0,"d":"0.00"},{"v":50,"d":"RD$50.00"},{"v":0,"d":"RD$0.00"}]
["Ene-Mar 2025","2025-01-27","N/A","L006","Brillo verde con esponja","UN",null,{"v":60,"d":"RD$60.00"},{"v":0,"d":"RD$0.00"}]
["Ene-Mar 2026","2026-02-16","N/A","L008","Cloro ","GAL",{"v":36,"d":"36.00"},{"v":74.75,"d":"RD$74.75"},{"v":2691,"d":"RD$2,691.00"}]
["Abril-Jun 2022","30/5/2022","N/A","L009","Cubeta para limpieza","UND",{"v":1,"d":"1.00"},{"v":250,"d":"RD$250.00"},{"v":250,"d":"RD$250.00"}]
["Ene-Mar 2026","2026-02-16","N/A","L010","Desinfectante aromático","GAL",{"v":27,"d":"27.00"},{"v":290.67,"d":"RD$290.67"},{"v":7848.09,"d":"RD$7,848.09"}]
["Ene-Mar 2025","2025-01-27","N/A","L011","Escoba plástica con palo","UND",{"v":54,"d":"54.00"},{"v":250,"d":"RD$250.00"},{"v":13500,"d":"RD$13,500.00"}]
["abril-jun 2016","1905-07-08","N/A","L012","Filtro Napa 21515","UN",null,{"v":550,"d":"RD$550.00"},{"v":0,"d":"RD$0.00"}]
[54,"1905-07-08","N/A","L013","Filtro para aire acondicionado","UN",null,{"v":1300,"d":"RD$1,300.00"},{"v":0,"d":"RD$0.00"}]
["Ene-Mar 2026","2026-02-16","N/A","L014","Funda para basura 100/1","PAQ",{"v":24,"d":"24.00"},{"v":500,"d":"RD$500.00"},{"v":12000,"d":"RD$12,000.00"}]
["Oct-Dic 2021","28/6/2023","N/A","L015","Gato Hidráulico","UN",{"v":0,"d":"0.00"},{"v":950,"d":"RD$950.00"},{"v":0,"d":"RD$0.00"}]
["Ene-Mar 2024","15/03/2024","N/A","L016","Guantes plásticos ","UND",{"v":45,"d":"45.00"},{"v":250,"d":"RD$250.00"},{"v":11250,"d":"RD$11,250.00"}]
["Oct-Dic 2021","2023-06-28","N/A","L017","Guantes plásticos desechables","CAJ",{"v":10,"d":"10.00"},{"v":225,"d":"RD$225.00"},{"v":2250,"d":"RD$2,250.00"}]
["Ene-Mar 2026","2026-02-16","N/A","L018","Jabón liquido lava platos","GAL",{"v":52,"d":"52.00"},{"v":177.25,"d":"RD$177.25"},{"v":9217,"d":"RD$9,217.00"}]
["Julio-Sept 2025","2025-11-12","N/A","N/A","Desgrasante Líquido Multiusos","GAL",{"v":17,"d":"17.00"},{"v":317.8,"d":"RD$317.80"},{"v":5402.6,"d":"RD$5,402.60"}]
["Ene-Mar 2026","2026-02-16","N/A","L019","Jabón liquido para las manos","GAL",{"v":43,"d":"43.00"},{"v":166.42,"d":"RD$166.42"},{"v":7156.0599999999995,"d":"RD$7,156.06"}]
["Abril-Jun 2016","2016-06-08","N/A","L020","Llave de ruedas","UND",{"v":0,"d":"0.00"},{"v":450,"d":"RD$450.00"},{"v":0,"d":"RD$0.00"}]
["Oct-Dic 2023","18/12/2023","N/A","L021","Pala recogedora de basura","UND",{"v":1,"d":"1.00"},{"v":231,"d":"RD$231.00"},{"v":231,"d":"RD$231.00"}]
["Julio-Sept 2025","2025-07-18","N/A","L022","Pine Spuma","UND",{"v":12,"d":"12.00"},{"v":325,"d":"RD$325.00"},{"v":3900,"d":"RD$3,900.00"}]
["Oct-Dic 2025","2025-11-12","N/A","L023","Suape","UND",{"v":31,"d":"31.00"},{"v":275.43,"d":"RD$275.43"},{"v":8538.33,"d":"RD$8,538.33"}]
["abril-jun 2016","1905-07-08","N/A","L024","Tapa de ventilador","UND",{"v":0,"d":"0.00"},{"v":450,"d":"RD$450.00"},{"v":0,"d":"RD$0.00"}]
["Ene-Mar 2026","2026-02-16","N/A","L025","Esponja limpia cristales","UND",{"v":4,"d":"4.00"},{"v":235,"d":"RD$235.00"},{"v":940,"d":"RD$940.00"}]
["Ene-Mar 2026","2026-02-16","N/A","L026","Funda para zafacón 18X22","PAQ",{"v":12,"d":"12.00"},{"v":250,"d":"RD$250.00"},{"v":3000,"d":"RD$3,000.00"}]
["N/A","N/A","N/A","L027","AB desengrasante","UN",{"v":0,"d":"0.00"},{"v":250,"d":"RD$250.00"},{"v":0,"d":"RD$0.00"}]
["Ene-Mar 2023","2023-02-21","N/A","L026","Funda para zafacón 18X22","PAQ",null,{"v":250,"d":"RD$250.00"},{"v":0,"d":"RD$0.00"}]
["Ene-Mar 2026","2026-02-16","N/A","L028","Limpia cristales","UND",{"v":3,"d":"3.00"},{"v":250,"d":"RD$250.00"},{"v":750,"d":"RD$750.00"}]
["Abril-Jun 2023","28/6/2023","N/A","L029","Detergente en polvo","UND",null,{"v":250,"d":"RD$250.00"},{"v":0,"d":"RD$0.00"}]
["ene-mar 2017","1905-07-04","N/A","L030","Cortina de  baño","UND",null,{"v":250,"d":"RD$250.00"},{"v":0,"d":"RD$0.00"}]
["ene-mar 2017","1905-07-04","N/A","L031","Extinguidores","UND",null,{"v":250,"d":"RD$250.00"},{"v":0,"d":"RD$0.00"}]
["Oct-Dic 2022","21/11/2022","N/A","L032","Zafacones de oficina","UND",null,{"v":250,"d":"RD$250.00"},{"v":0,"d":"RD$0.00"}]
["ene-mar 2017","1905-07-04","N/A","L033","Manguera 100 pies","UND",{"v":0,"d":"0.00"},{"v":250,"d":"RD$250.00"},{"v":0,"d":"RD$0.00"}]
["ene-mar 2017","1905-07-04","N/A","L034","Caja protectora del Control de Aire","UND",{"v":0,"d":"0.00"},{"v":250,"d":"RD$250.00"},{"v":0,"d":"RD$0.00"}]
["N/A","N/A","N/A","L035","Goma de Motor","UND",{"v":0,"d":"0.00"},{"v":250,"d":"RD$250.00"},{"v":0,"d":"RD$0.00"}]
["Ene-Mar 2017","1905-07-09","N/A","L030","Cortina de  baño","UND",null,{"v":250,"d":"RD$250.00"},{"v":0,"d":"RD$0.00"}]
["Ene-Mar 2017","2017-03-04","N/A","L036","Tanque de Gas 25 Lb.","UND",{"v":0,"d":"0.00"},{"v":250,"d":"RD$250.00"},{"v":0,"d":"RD$0.00"}]
["Ene-Mar 2024","15/03/2024","N/A","N/A","Zafacon Tapa y Pedal P/Baño Pequeño","UND",{"v":0,"d":"0.00"},{"v":250,"d":"RD$250.00"},{"v":0,"d":"RD$0.00"}]
["Ene-Mar 2023","21/2/2023","N/A","N/A","Zafacon Tapa y Pedal P/Baño Grande","UND",null,{"v":250,"d":"RD$250.00"},{"v":0,"d":"RD$0.00"}]
["Oct-Dic 2025","2025-11-12","N/A","N/A","Abrillantador de gomas ","GAL",{"v":20,"d":"20.00"},{"v":733,"d":"RD$733.00"},{"v":14660,"d":"RD$14,660.00"}]
["Oct-Dic 2025","2025-11-12","N/A","N/A","Shampoo","UND",{"v":39,"d":"39.00"},{"v":250,"d":"RD$250.00"},{"v":9750,"d":"RD$9,750.00"}]
["Ene-Mar 2024","15/03/2024","N/A","N/A","Armor All Transparente","UND",{"v":0,"d":"0.00"},{"v":2500,"d":"RD$2,500.00"},{"v":0,"d":"RD$0.00"}]
["Ene-Mar 2026","2026-02-16","N/A","L038","Toallas para Limpieza","UND",{"v":94,"d":"94.00"},{"v":110,"d":"RD$110.00"},{"v":10340,"d":"RD$10,340.00"}]
["ene-mar 2017",2012,"N/A","L039","Carrito con Exprimidor","UN",{"v":0,"d":"0.00"},{"v":850,"d":"RD$850.00"},{"$f":"G:G*H:H","v":{"v":0,"d":"RD$0.00"}}]
["abril-jun 2016",2016,"N/A","L040","Termo Grande Café","UN",{"v":0,"d":"0.00"},{"v":2600,"d":"RD$2,600.00"},{"$f":"G:G*H:H","v":{"v":0,"d":"RD$0.00"}}]
["N/A","N/A","N/A","L041","Termo Mediano Café","UN",{"v":0,"d":"0.00"},{"v":1900,"d":"RD$1,900.00"},{"$f":"G:G*H:H","v":{"v":0,"d":"RD$0.00"}}]
["Provisional "]
["N/A","N/A","N/A","CP001","Camisa con logo de Indocal","UN",{"v":0,"d":"0.00"},{"v":250,"d":"RD$250.00"},{"$f":"+G417*H417","v":{"v":0,"d":"RD$0.00"}}]
["N/A","N/A","N/A","CP002","Pantalon Jeans con logo de Indocal ","UN",{"v":0,"d":"0.00"},{"v":300,"d":"RD$300.00"},{"$f":"+G418*H418","v":{"v":0,"d":"RD$0.00"}}]
["N/A","N/A","N/A","CP003","Pantalla Proyector ","UN",{"v":0,"d":"0.00"},{"v":950,"d":"RD$950.00"},{"v":0,"d":"RD$0.00"}]
["abril-jun 2016",2016,"N/A","CP004","Foto Celda","UN",{"v":0,"d":"0.00"},{"v":400,"d":"RD$400.00"},{"v":0,"d":"RD$0.00"}]
["N/A","N/A","N/A","CP005","Tubo de Motor","UN",{"v":0,"d":"0.00"},{"v":200,"d":"RD$200.00"},{"v":0,"d":"RD$0.00"}]
["Oct-Dic 2017","2017-10-20","N/A","CP009","Bombillo Espiral 65w Osram","UN",{"v":0,"d":"0.00"},{"v":670,"d":"RD$670.00"},{"v":0,"d":"RD$0.00"}]
["jul-sep 2018","27/07/2018","N/A","N/A","Pera Inodoro Azul P-B6025 Coflex ","UNID",{"v":0,"d":"0.00"},{"v":158,"d":"RD$158.00"},{"v":0,"d":"RD$0.00"}]
["jul-sep 2018","27/07/2018","N/A","N/A","Balancin Inodoro PB5061 Plomer","UNID. ",{"v":0,"d":"0.00"},{"v":99,"d":"RD$99.00"},{"v":0,"d":"RD$0.00"}]
["Abril-Jun 2024","2024-06-10","N/A","N/A","BREAKER Doble 60Amp 40IN-LBS (THQC2160WL)","UN",{"v":0,"d":"0.00"},{"v":2000,"d":"RD$2,000.00"},{"$f":"+G425*H425","v":{"v":0,"d":"RD$0.00"}}]
["Oct-Dic 2022","2022-12-05","N/A","CP010","BREAKER Doble 60Amp 45IN-LBS (THQL2160)","UND",{"v":4,"d":"4.00"},{"v":1889.92,"d":"RD$1,889.92"},{"$f":"+G426*H426","v":{"v":7559.68,"d":"RD$7,559.68"}}]
["ene-mar 2024","2024-03-21","N/A","CP011","Tubo Fluorescente 9w","UND",{"v":0,"d":"0.00"},{"v":185,"d":"RD$185.00"},{"v":0,"d":"RD$0.00"}]
["N/A","N/A","N/A","Liq. Freno ","Liquido de Freno","UND",{"v":0,"d":"0.00"},{"v":96,"d":"RD$96.00"},{"v":0,"d":"RD$0.00"}]
["Ene-Mar 2023","2023-02-21","N/A","L038","Toallas para Limpieza","UND",null,{"v":110,"d":"RD$110.00"},{"v":0,"d":"RD$0.00"}]
["abril-jun 2016","1905-07-08","N/A","TP019","Power Streering","UND",null,{"v":150,"d":"RD$150.00"},{"v":0,"d":"RD$0.00"}]
["Oct-Dic 2022","2022-12-05","N/A","CP014","Tubo Fluorescente 32w","UND",null,{"v":124,"d":"RD$124.00"},{"v":0,"d":"RD$0.00"}]
["Oct-Dic 2020","2020-11-13","N/A","CP015","Bateria de Vehiculos Motorcraft ","UND",{"v":0,"d":"0.00"},{"v":6369,"d":"RD$6,369.00"},{"v":0,"d":"RD$0.00"}]
["abril-jun 2016","1905-07-08","N/A","CP016","Correa Santa Fe","UND",null,{"v":2217.5,"d":"RD$2,217.50"},{"v":0,"d":"RD$0.00"}]
["abril-jun 2016","1905-07-08","N/A","TUBO","Tubo Fluorescente 18w","UND",{"v":0,"d":"0.00"},{"v":450,"d":"RD$450.00"},{"v":0,"d":"RD$0.00"}]
["N/A","N/A","N/A","FILTRO L200","Filtro de aceite Mitsubishi L200","UND",{"v":0,"d":"0.00"},{"v":275.35,"d":"RD$275.35"},{"v":0,"d":"RD$0.00"}]
["N/A","N/A","N/A","MOTOR","Motocicleta SUZUKI AX100","UND",{"v":0,"d":"0.00"},{"v":50000,"d":"RD$50,000.00"},{"v":0,"d":"RD$0.00"}]
["abril-jun 2016","1905-07-08","N/A","N/A","Aceite de Motor 10w 40","UND",{"v":0,"d":"0.00"},{"v":215,"d":"RD$215.00"},{"v":0,"d":"RD$0.00"}]
["ene-mar 2017","2017-02-16","N/A","N/A","Aceite de Motor 15w 40","UND",null,{"v":220,"d":"RD$220.00"},{"v":0,"d":"RD$0.00"}]
["oct-dic 2018","2018-10-19","N/A","N/A","Archivo Muerto ","UND",null,{"v":105.93,"d":"RD$105.93"},{"v":0,"d":"RD$0.00"}]
["oct-dic 2018","2018-10-19","N/A","N/A","Archivo Maletin ","UND",null,{"v":80.5,"d":"RD$80.50"},{"v":0,"d":"RD$0.00"}]
["abril-jun 2017","2017-06-15","N/A","N/A","Rollo Protter de 36\"","UND",{"v":0,"d":"0.00"},{"v":995.76,"d":"RD$995.76"},{"v":0,"d":"RD$0.00"}]
["oct-dic 2018","2018-10-19","N/A","N/A","Archivo Muerto ","UND",null,{"v":50,"d":"RD$50.00"},{"v":0,"d":"RD$0.00"}]
["Octu-Dic 2022","2022-12-05","N/A","CP014","Tubo Fluorescente 32w","UND",null,{"v":124,"d":"RD$124.00"},{"v":0,"d":"RD$0.00"}]
["Abril-Junio 2016","N/A","N/A","CP016","Correa Santa Fe","UND",null,{"v":2217,"d":"RD$2,217.00"},{"v":0,"d":"RD$0.00"}]
["oct-dic 2017","20/10/2017","N/A","N/A","Transformadores electronico 3x32w","UND",{"v":4,"d":"4.00"},{"v":750,"d":"RD$750.00"},{"v":3000,"d":"RD$3,000.00"}]
["abril-jun 2021","21/6/2021","N/A","N/A","Brazo Hidraulico para puertas ","UND",null,{"v":1900,"d":"RD$1,900.00"},{"v":0,"d":"RD$0.00"}]
["oct- dic 2020","2020-12-06","N/A","PINTURA","Pintura ACR 1 cubeta/SAHARA 89 POPULAR ","UND",null,{"v":4050,"d":"RD$4,050.00"},{"v":0,"d":"RD$0.00"}]
["Ene-Mar 2025","2025-01-27","N/A","N/A","Piedra para baño arom 1.4 oz ","UND",{"v":0,"d":"0.00"},{"v":250,"d":"RD$250.00"},{"v":0,"d":"RD$0.00"}]
["jul-sep 2019","2019-08-07","N/A","N/A","Cartulina de Hilo Crema","UND",{"v":0,"d":"0.00"},{"v":378,"d":"RD$378.00"},{"v":0,"d":"RD$0.00"}]
["Abril-Junio 2021","2021-06-21","N/A","N/A","Brazo Hidraulico para puertas ","UND",null,{"v":1900,"d":"RD$1,900.00"},{"v":0,"d":"RD$0.00"}]
["Ene-Mar 2023","2023-02-21","N/A","N/A","Piedra para baño arom 1.4 oz ","UND",null,{"v":250,"d":"RD$250.00"},{"v":0,"d":"RD$0.00"}]
["Julio-Sept 2024","2024-07-11","N/A","N/A","Balancin Inodoro 681135 Cromo Fluidmaster","UND",{"v":3,"d":"3.00"},{"v":265,"d":"RD$265.00"},{"v":795,"d":"RD$795.00"}]
["abril-jun 2021","2021-04-09","N/A","N/A","Porta Papel Higienico","UND",{"v":0,"d":"0.00"},{"v":965,"d":"RD$965.00"},{"v":0,"d":"RD$0.00"}]
["abril-jun 2021","2021-04-09","N/A","N/A","Porta papel Toalla","UN",null,{"v":965,"d":"RD$965.00"},{"v":0,"d":"RD$0.00"}]
["abril-jun 2016","1905-07-08","N/A","N/A","Cascos Protectores","UN",null,{"v":250,"d":"RD$250.00"},{"v":0,"d":"RD$0.00"}]
["abril-jun 2019","2019-06-25","N/A","N/A","MICROONDAS","UN",{"v":0,"d":"0.00"},{"v":7754.24,"d":"RD$7,754.24"},{"v":0,"d":"RD$0.00"}]
["abril-jun 2019","2019-04-30","N/A","N/A","Pintura ACR 1 GALON/SAHARA 89 POPULAR ","UN",{"v":0,"d":"0.00"},{"v":890,"d":"RD$890.00"},{"v":0,"d":"RD$0.00"}]
["abril-jun 2019","2019-04-30","N/A","N/A","CANELETA ","UN",null,{"v":80,"d":"RD$80.00"},{"v":0,"d":"RD$0.00"}]
["Abril-Junio 2021","2021-04-09","N/A","N/A","Porta papel Toalla","UN",null,{"v":965,"d":"RD$965.00"},{"v":0,"d":"RD$0.00"}]
["oct-dic 2018","2018-10-19","N/A","N/A","Protectores de Pie ","PAQ",{"v":9,"d":"9.00"},{"v":250,"d":"RD$250.00"},{"v":2250,"d":"RD$2,250.00"}]
["abril-junio 2020","2020-07-05","N/A","N/A","Gel de Camionetas ","UN",null,{"v":100,"d":"RD$100.00"},{"v":0,"d":"RD$0.00"}]
["abril-junio 2020","2020-06-30","N/A","N/A","Prueba del COVID19","CAJ",{"v":0,"d":"0.00"},{"v":16975,"d":"RD$16,975.00"},{"v":0,"d":"RD$0.00"}]
["Ene-Marzo 2020","2020-02-26","N/A","N/A","Leche Entera ","UN",null,{"v":80,"d":"RD$80.00"},{"v":0,"d":"RD$0.00"}]
[{"$f":"$A$401","v":"Oct-Dic 2022"},"2020-12-23","N/A","N/A","Gel de Camionetas ","UN",null,{"v":100,"d":"RD$100.00"},{"v":0,"d":"RD$0.00"}]
["Jul-Sept 2023","21/9/2023","N/A","N/A","Alcohol Isopropilico al 70% ","UN",{"v":0,"d":"0.00"},{"v":750,"d":"RD$750.00"},{"v":0,"d":"RD$0.00"}]
["abril-junio 2020","2020-05-07","N/A","N/A","Lentes protectores ","UND",{"v":16,"d":"16.00"},{"v":450,"d":"RD$450.00"},{"v":7200,"d":"RD$7,200.00"}]
["Ene-Mar 2022","2022-02-22","N/A","N/A","Mascarillas KN95 20/1","UND",null,{"v":35,"d":"RD$35.00"},{"v":0,"d":"RD$0.00"}]
["Ene-Mar 2022","22/2/2022","N/A","N/A","Mascarilla Kn95 20/1","UND",{"v":270,"d":"270.00"},{"v":35,"d":"RD$35.00"},{"v":9450,"d":"RD$9,450.00"}]
["Jul-Sep 2021","15/8/2021","N/A","N/A","Mascarilla de Tela","UND",{"v":0,"d":"0.00"},{"v":90,"d":"RD$90.00"},{"v":0,"d":"RD$0.00"}]
["Ene-Mar 2022","2022-02-22","N/A","N/A","Mascarilla Quirurgica","UND",null,{"v":35,"d":"RD$35.00"},{"v":0,"d":"RD$0.00"}]
["julio-sept. 2021","2021-08-15","N/A","N/A","Mascarillas de tela","UND",null,{"v":90,"d":"RD$90.00"},{"v":0,"d":"RD$0.00"}]
["oct-dic 2017","2017-10-20","N/A","N/A","Bombillo espiral 20w ","UND",null,{"v":170,"d":"RD$170.00"},{"v":0,"d":"RD$0.00"}]
["Oct-Dic- 2019","2019-11-28","N/A","N/A","Estufa Whirlpool M.","UND",null,{"v":22795,"d":"RD$22,795.00"},{"v":0,"d":"RD$0.00"}]
["Oct-Dic- 2019","2019-11-28","N/A","N/A","TV Led Tecnomaster","UND",null,{"v":18695,"d":"RD$18,695.00"},{"v":0,"d":"RD$0.00"}]
["Oct-Dic- 2019","2019-11-28","N/A","N/A","Lavad. Whirlpool WW.","UND",null,{"v":21995,"d":"RD$21,995.00"},{"v":0,"d":"RD$0.00"}]
["Oct-Dic- 2019","2019-11-28","N/A","N/A","A.A. NV. Tecnom M. A. 12KBTU","UND",null,{"v":24995,"d":"RD$24,995.00"},{"v":0,"d":"RD$0.00"}]
["Oct-Dic- 2019","2019-11-28","N/A","N/A","Nevera Whirlpool W.","UND",null,{"v":28995,"d":"RD$28,995.00"},{"v":0,"d":"RD$0.00"}]
["jul - Sept 2020","2020-08-06","N/A","N/A","Flota de Madera","UND",{"v":1,"d":"1.00"},{"v":62,"d":"RD$62.00"},{"v":62,"d":"RD$62.00"}]
["jul - Sept 2020","2020-08-06","N/A","N/A","Flota de Goma","UND",null,{"v":208,"d":"RD$208.00"},{"v":0,"d":"RD$0.00"}]
["jul - Sept 2020","2020-08-06","N/A","N/A","Cincer","UND",null,{"v":218,"d":"RD$218.00"},{"v":0,"d":"RD$0.00"}]
["jul - Sept 2020","2020-08-06","N/A","N/A","Llavin de puerta","UND",null,{"v":2035,"d":"RD$2,035.00"},{"v":0,"d":"RD$0.00"}]
["Jul-Sep 2020","2020-08-06","N/A","N/A","Flota de Madera","UND",null,null,{"v":0,"d":"RD$0.00"}]
["jul - Sept 2020","2020-08-06","N/A","N/A","Contactor Aire ","UND",null,{"v":200,"d":"RD$200.00"},{"v":0,"d":"RD$0.00"}]
["jul - Sept 2020","2020-07-08","N/A","N/A","Pintura de Trafico ","UND",{"v":1,"d":"1.00"},{"v":2011,"d":"RD$2,011.00"},{"v":2011,"d":"RD$2,011.00"}]
["oct-dic 2017","2017-10-20","N/A","N/A","Bota de Seguridad ","UND",null,{"v":2500,"d":"RD$2,500.00"},{"v":0,"d":"RD$0.00"}]
["Abril-Jun 2024","2024-06-18","N/A","N/A","Masilla Siliconada","UND",{"v":6,"d":"6.00"},{"v":1969,"d":"RD$1,969.00"},{"v":11814,"d":"RD$11,814.00"}]
["Abril-Jun 2024","2024-06-12","N/A","N/A","Colchones para Dormir","UND",{"v":0,"d":"0.00"},{"v":2326,"d":"RD$2,326.00"},{"v":0,"d":"RD$0.00"}]
["jul - Sept 2020","2020-08-06","N/A","N/A","Pintura de Trafico ","UND",null,{"v":2011,"d":"RD$2,011.00"},{"v":0,"d":"RD$0.00"}]
[2016,"2016-07-08","N/A","N/A","Lampara de Emergencia","UND",{"v":0,"d":"0.00"},{"v":1000,"d":"RD$1,000.00"},{"v":0,"d":"RD$0.00"}]
["oct-dic 2017","2017-10-20","N/A","N/A","Filtro de Aire ","UND",null,{"v":150,"d":"RD$150.00"},{"$f":"+G490*H490","v":{"v":0,"d":"RD$0.00"}}]
["oct-dic 2017","2017-10-20","N/A","N/A","Modular Aereo ","UND",{"v":0,"d":"0.00"},{"v":2000,"d":"RD$2,000.00"},{"v":0,"d":"RD$0.00"}]
["Julio-Sept 2021","2021-07-28","N/A","N/A","Mondaisa Te Manzana","UND",null,{"v":127,"d":"RD$127.00"},{"v":0,"d":"RD$0.00"}]
["Oct-Dic 2017","N/A","N/A","N/A","Filtro de Aire","UND",null,{"v":150,"d":"RD$150.00"},{"v":0,"d":"RD$0.00"}]
["Julio-Sept 2021","2021-07-28","N/A","N/A","Mondaisa Te Jenjibre","UND",null,{"v":220,"d":"RD$220.00"},{"v":0,"d":"RD$0.00"}]
["Julio-Sept 2021","2021-07-28","N/A","N/A","Mondaisa Te Verde","UND",null,{"v":220,"d":"RD$220.00"},{"v":0,"d":"RD$0.00"}]
["Julio-Sept 2021","2021-07-28","N/A","N/A","Mondaisa Te Manzanilla","UND",null,{"v":220,"d":"RD$220.00"},{"v":0,"d":"RD$0.00"}]
["Julio-Sept 2021","2021-07-28","N/A","N/A","Mondaisa Te Frutas Mi ","UND",null,{"v":127,"d":"RD$127.00"},{"v":0,"d":"RD$0.00"}]
["Julio-Sept 2021","2020-10-14","N/A","N/A","Azúcar Crema ","UND",null,{"v":131,"d":"RD$131.00"},{"v":0,"d":"RD$0.00"}]
["Julio-Sept 2021","2020-10-14","N/A","N/A","Splenda Original ","UND",null,{"v":327,"d":"RD$327.00"},{"v":0,"d":"RD$0.00"}]
["Julio-Sept 2021","2021-07-28","N/A","N/A","Mondaisa Te Verde","UND",null,{"v":220,"d":"RD$220.00"},{"v":0,"d":"RD$0.00"}]
["Ene-Mar 2023","2023-10-03","N/A","N/A","Mondaisa Flor de Jamaica","UND",null,{"v":350,"d":"RD$350.00"},{"v":0,"d":"RD$0.00"}]
["Ene-Mar 2023","2023-10-03","N/A","N/A","Mondaisa Frutos Rojos","UND",null,{"v":350,"d":"RD$350.00"},{"v":0,"d":"RD$0.00"}]
["Julio-Sept 2023","2023-09-05","N/A","N/A","Camisas Mangas Largas INDOCAL","UND",{"v":0,"d":"0.00"},{"v":1250,"d":"RD$1,250.00"},{"v":0,"d":"RD$0.00"}]
["Julio-Sept 2023","2023-09-05","N/A","N/A","Camisas Mangas Cortas INDOCAL","UND",{"v":0,"d":"0.00"},{"v":1200,"d":"RD$1,200.00"},{"v":0,"d":"RD$0.00"}]
["Julio-Sept 2023","2023-09-05","N/A","N/A","T-Shirt Blancos INDOCAL","UND",{"v":0,"d":"0.00"},{"v":750,"d":"RD$750.00"},{"v":0,"d":"RD$0.00"}]
["Julio-Sept 2023","2023-09-05","N/A","N/A","Pantalones Jeans INDOCAL","UND",{"v":0,"d":"0.00"},{"v":850,"d":"RD$850.00"},{"v":0,"d":"RD$0.00"}]
["Oct-Dic 2017","20/10/2017","N/A","N/A","Llave de Lavamanos ","UND",{"v":0,"d":"0.00"},{"v":250,"d":"RD$250.00"},{"v":0,"d":"RD$0.00"}]
["Oct-Dic 2022","2022-12-06","N/A","N/A","Kit Control Acceso","UND",{"v":0,"d":"0.00"},{"v":16238.34,"d":"RD$16,238.34"},{"v":0,"d":"RD$0.00"}]
["N/A","N/A","N/A","N/A","Filtro de aire de Planta","UND",{"v":0,"d":"0.00"},{"v":540,"d":"RD$540.00"},{"v":0,"d":"RD$0.00"}]
["N/A","N/A","N/A","N/A","Botellon de Goma ","UN",null,{"v":120,"d":"RD$120.00"},{"$f":"+G510*H510","v":{"v":0,"d":"RD$0.00"}}]
[]
[2016,2016,"N/A","N/A","Botellon de Goma ","UN",null,{"v":120,"d":"RD$120.00"},{"v":0,"d":"RD$0.00"}]
["Oct-Dic 2022","2022-11-28","N/A","N/A","Impresora Epson Econtan L5290 Multifuncional","UN",null,{"v":27650,"d":"RD$27,650.00"},{"$f":"+G513*H513","v":{"v":0,"d":"RD$0.00"}}]
[{"$nulls":4},"Rodamientos ","UN",null,{"v":280,"d":"RD$280.00"},{"$f":"G514*H514","v":{"v":0,"d":"RD$0.00"}}]
["Abril-Junio 2019","2019-06-23","N/A","N/A","Gomas de Camioneta 215/75 R15","UN",null,{"v":5000,"d":"RD$5,000.00"},{"$f":"G515*H515","v":{"v":0,"d":"RD$0.00"}}]
["Abril-Junio 2021","2021-06-23","N/A","N/A","Gomas de Camioneta 195R14C","UN",null,{"v":5897.24,"d":"RD$5,897.24"},{"v":0,"d":"RD$0.00"}]
["                                                                                                                                                                                                                                               ",{"$nulls":7},{"$f":"SUM(I14:I516)","v":{"v":3861306.47,"d":"RD$3,861,306.47"}}]
[]
["Realizado Por:",{"$nulls":6},"        Revisado Por:"]
[]
["Yudis Mariñez ",{"$nulls":5},"Yasmin de la Cruz "]
["Secretaria de Almacen y Suministro",{"$nulls":5},"Enc. de Almacén y Suministro "]